{"text_format":"3","workbook":"xls","n_sheets":12,"sheets":["水管及水管件类","阀门及配件类","轴承类","PLC系统类","水质仪表类","生产网络设备类","监控设备类","低压电气设备类","高压电气设备类","特种设备类","油脂类","WpsReserved_CellImgList"],"not_rendered":{"external_links":2,"defined_names":4},"read":"whole","date_system":"1900","formulas":"cached_only"}

{"sheet":"水管及水管件类","index":0,"n_rows":149,"n_cols":9,"rows_kept":149,"hidden":true,"merged":[[0,0,0,8],[1,0,1,5],[1,6,1,8],[3,0,3,1],[3,2,3,8],[8,0,8,1],[8,2,8,8],[13,0,13,1],[13,2,13,8],[18,0,18,1],[18,2,18,8],[23,0,23,1],[23,2,23,8],[28,0,28,1],[28,2,28,8],[33,0,33,1],[33,2,33,8],[38,0,38,1],[38,2,38,8],[43,0,43,1],[43,2,43,8],[48,0,48,1],[48,2,48,8],[53,0,53,1],[53,2,53,8],[58,0,58,1],[58,2,58,8],[63,0,63,1],[63,2,63,8],[68,0,68,1],[68,2,68,8],[73,0,73,1],[73,2,73,8],[78,0,78,1],[78,2,78,8],[83,0,83,1],[83,2,83,8],[88,0,88,1],[88,2,88,8],[93,0,93,1],[93,2,93,8],[98,0,98,1],[98,2,98,8],[103,0,103,1],[103,2,103,8],[108,0,108,1],[108,2,108,8],[113,0,113,1],[113,2,113,8],[118,0,118,1],[118,2,118,8],[123,0,123,1],[123,2,123,8],[128,0,128,1],[128,2,128,8],[133,0,133,1],[133,2,133,8],[138,0,138,1],[138,2,138,8],[143,0,143,1],[143,2,143,8]],"flags":["formulas_cached_only"]}
["东莞市水务集团供水有限公司制水分公司2025年8月水管及水管件类非协议供货物资采购申请清单"]
["编号:设备管理二部呈批(2025)XXX号",{"$nulls":5},"申购日期：2025年7月X日"]
["序号","物品名称","规格/型号","单位","数量","估算单价（元）","估算总金额（元）","备注","联系人及联系方式"]
["设备管理一部（第四水厂）",null,"收货地址：东莞市石碣镇鹤田厦村富田路第四水厂，收货人：黎丽娟 13650105268，熊碧霞 13415856663"]
[1,{"$nulls":5},{"v":0,"d":"¥0.00"}]
[2,{"$nulls":5},{"v":0,"d":"¥0.00"}]
[3,{"$nulls":5},{"v":0,"d":"¥0.00"}]
[null,"小计",{"$nulls":4},{"v":0,"d":"¥0.00"}]
["设备管理一部（高埗水厂）",null,"收货地址：东莞市高埗镇沿江南路48号高埗水厂，收货人：廖树标 13712523481"]
[1,{"$nulls":5},{"v":0,"d":"¥0.00"}]
[2,{"$nulls":5},{"v":0,"d":"¥0.00"}]
[3,{"$nulls":5},{"v":0,"d":"¥0.00"}]
[null,"小计",{"$nulls":4},{"v":0,"d":"¥0.00"}]
["设备管理一部（万江水厂）",null,"收货地址：东莞市万江区万龙路191号万江水厂，收货人：杨伟强 15916738349，何汉能 13650220888"]
[1,{"$nulls":5},{"v":0,"d":"¥0.00"}]
[2,{"$nulls":5},{"v":0,"d":"¥0.00"}]
[3,{"$nulls":5},{"v":0,"d":"¥0.00"}]
[null,"小计",{"$nulls":4},{"v":0,"d":"¥0.00"}]
["设备管理一部（中堂水厂）",null,"收货地址：东莞市中堂镇滨江大道3号中堂水厂，收货人：赖远鑫 13713383382，李继成 13556793939"]
[1,{"$nulls":5},{"v":0,"d":"¥0.00"}]
[2,{"$nulls":5},{"v":0,"d":"¥0.00"}]
[3,{"$nulls":5},{"v":0,"d":"¥0.00"}]
[null,"小计",{"$nulls":4},{"v":0,"d":"¥0.00"}]
["设备管理一部（石碣水厂）",null,"收货地址：东莞市石碣镇同德路石碣水厂，收货人：何国栋 13377788395，袁惠成 13423235223"]
[1,{"$nulls":5},{"v":0,"d":"¥0.00"}]
[2,{"$nulls":5},{"v":0,"d":"¥0.00"}]
[3,{"$nulls":5},{"v":0,"d":"¥0.00"}]
[null,"小计",{"$nulls":4},{"v":0,"d":"¥0.00"}]
["设备管理二部（第三水厂）",null,"收货地址：东莞市东城樟村桂塘路12号，收货人：欧阳丹 13713099246"]
[1,{"$nulls":5},{"v":0,"d":"¥0.00"}]
[2,{"$nulls":5},{"v":0,"d":"¥0.00"}]
[3,{"$nulls":5},{"v":0,"d":"¥0.00"}]
[null,"小计",{"$nulls":4},{"v":0,"d":"¥0.00"}]
["设备管理二部（第六水厂）",null,"收货地址：东莞市东城街道莞龙路东城段21号，收货人：钟巧欢 13790666516，徐立安  13556769268"]
[1,{"$nulls":5},{"v":0,"d":"¥0.00"}]
[2,{"$nulls":5},{"v":0,"d":"¥0.00"}]
[3,{"$nulls":5},{"v":0,"d":"¥0.00"}]
[null,"小计",{"$nulls":4},{"v":0,"d":"¥0.00"}]
["设备管理二部（东城水厂）",null,"收货地址：东莞市东城下桥银岭街9号东城水厂，收货人：谢桂玲  13652639443，祁灼均 13546995678"]
[1,{"$nulls":5},{"v":0,"d":"¥0.00"}]
[2,{"$nulls":5},{"v":0,"d":"¥0.00"}]
[3,{"$nulls":5},{"v":0,"d":"¥0.00"}]
[null,"小计",{"$nulls":4},{"v":0,"d":"¥0.00"}]
["设备管理二部（石龙黄洲水厂）",null,"收货地址：东莞市石龙镇黄洲水源路6号黄洲水厂，收货人：刘月儒 15916936669，叶润珍 13326895152"]
[1,{"$nulls":5},{"v":0,"d":"¥0.00"}]
[2,{"$nulls":5},{"v":0,"d":"¥0.00"}]
[3,{"$nulls":5},{"v":0,"d":"¥0.00"}]
[null,"小计",{"$nulls":4},{"v":0,"d":"¥0.00"}]
["设备管理二部（石龙西湖水厂）",null,"收货地址：东莞市石龙镇西湖东路111号石龙西湖水厂，收货人：杨佩雯 13480449430，吴文烽 13825757818"]
[1,{"$nulls":5},{"v":0,"d":"¥0.00"}]
[2,{"$nulls":5},{"v":0,"d":"¥0.00"}]
[3,{"$nulls":5},{"v":0,"d":"¥0.00"}]
[null,"小计",{"$nulls":4},{"v":0,"d":"¥0.00"}]
["设备管理三部（第五水厂）",null,"收货地址：东莞市企石镇杨屋村新兴路33号第五水厂，收货人：林清文 13532690033，缪小英 13622678068"]
[1,{"$nulls":5},{"v":0,"d":"¥0.00"}]
[2,{"$nulls":5},{"v":0,"d":"¥0.00"}]
[3,{"$nulls":5},{"v":0,"d":"¥0.00"}]
[null,"小计",{"$nulls":4},{"v":0,"d":"¥0.00"}]
["设备管理三部（石排水厂）",null,"收货地址：东莞市石排镇东江大道石排段52号石排水厂，收货人：赖微珊 19928155511，邓闰傍 13532976833"]
[1,{"$nulls":5},{"v":0,"d":"¥0.00"}]
[2,{"$nulls":5},{"v":0,"d":"¥0.00"}]
[3,{"$nulls":5},{"v":0,"d":"¥0.00"}]
[null,"小计",{"$nulls":4},{"v":0,"d":"¥0.00"}]
["设备管理三部（企石水厂）",null,"收货地址：东莞市企石镇黄大仙路56号企石水厂，收货人：朱锐文 15989675266，刘锐谦 15816842146"]
[1,{"$nulls":5},{"v":0,"d":"¥0.00"}]
[2,{"$nulls":5},{"v":0,"d":"¥0.00"}]
[3,{"$nulls":5},{"v":0,"d":"¥0.00"}]
[null,"小计",{"$nulls":4},{"v":0,"d":"¥0.00"}]
["设备管理三部（桥头第二水厂）",null,"收货地址：东莞市桥头镇中兴路403号桥头第二水厂，收货人：莫仲琪 13902698481，钟汉强 13509849329"]
[1,{"$nulls":5},{"v":0,"d":"¥0.00"}]
[2,{"$nulls":5},{"v":0,"d":"¥0.00"}]
[3,{"$nulls":5},{"v":0,"d":"¥0.00"}]
[null,"小计",{"$nulls":4},{"v":0,"d":"¥0.00"}]
["设备管理三部（桥头第三水厂）",null,"收货地址：东莞市桥头镇东江村木棉路桥头第三水厂，收货人：莫浩祥 13532516168，罗国林 18922994622"]
[1,{"$nulls":5},{"v":0,"d":"¥0.00"}]
[2,{"$nulls":5},{"v":0,"d":"¥0.00"}]
[3,{"$nulls":5},{"v":0,"d":"¥0.00"}]
[null,"小计",{"$nulls":4},{"v":0,"d":"¥0.00"}]
["设备管理三部（横沥水厂）",null,"收货地址：东莞市横沥镇横沥东环路260号横沥水厂，收货人：黄汉桃 13711832138"]
[1,{"$nulls":5},{"v":0,"d":"¥0.00"}]
[2,{"$nulls":5},{"v":0,"d":"¥0.00"}]
[3,{"$nulls":5},{"v":0,"d":"¥0.00"}]
[null,"小计",{"$nulls":4},{"v":0,"d":"¥0.00"}]
["设备管理四部（黄江水厂）",null,"收货地址：东莞市黄江镇黄牛埔村强健街2号黄江水厂，收货人：黄健维 13129425636，王建华 13580904047"]
[1,{"$nulls":5},{"v":0,"d":"¥0.00"}]
[2,{"$nulls":5},{"v":0,"d":"¥0.00"}]
[3,{"$nulls":5},{"v":0,"d":"¥0.00"}]
[null,"小计",{"$nulls":4},{"v":0,"d":"¥0.00"}]
["设备管理四部（樟木头簕竹排水厂）",null,"收货地址：东莞市樟木头镇滨河路45号簕竹排水厂，收货人：刘子军 13790218277，黄汉明 18825897855"]
[1,{"$nulls":5},{"v":0,"d":"¥0.00"}]
[2,{"$nulls":5},{"v":0,"d":"¥0.00"}]
[3,{"$nulls":5},{"v":0,"d":"¥0.00"}]
[null,"小计",{"$nulls":4},{"v":0,"d":"¥0.00"}]
["设备管理四部（谢岗第二水厂）",null,"收货地址：东莞市谢岗镇南面石鼓水库路22号谢岗第二水厂，收货人：林嘉兴 13268555430，张李红 13128071061"]
[1,{"$nulls":5},{"v":0,"d":"¥0.00"}]
[2,{"$nulls":5},{"v":0,"d":"¥0.00"}]
[3,{"$nulls":5},{"v":0,"d":"¥0.00"}]
[null,"小计",{"$nulls":4},{"v":0,"d":"¥0.00"}]
["设备管理四部（谢岗第三水厂）",null,"收货地址：东莞市谢岗镇曹乐工业一路15号101室供水公司，收货人：朱树明 13713366089，刘晓彬 13926867866"]
[1,{"$nulls":5},{"v":0,"d":"¥0.00"}]
[2,{"$nulls":5},{"v":0,"d":"¥0.00"}]
[3,{"$nulls":5},{"v":0,"d":"¥0.00"}]
[null,"小计",{"$nulls":4},{"v":0,"d":"¥0.00"}]
["设备管理四部（塘厦牛眠埔水厂）",null,"收货地址：东莞市塘厦镇牛眠埔新围路牛眠埔水厂，收货人：黄颖璋 13713362502，罗亮开 13729993310"]
[1,{"$nulls":5},{"v":0,"d":"¥0.00"}]
[2,{"$nulls":5},{"v":0,"d":"¥0.00"}]
[3,{"$nulls":5},{"v":0,"d":"¥0.00"}]
[null,"小计",{"$nulls":4},{"v":0,"d":"¥0.00"}]
["设备管理五部（塘厦中心水厂）",null,"收货地址：东莞市塘厦镇东深一路8号塘厦中心水厂，收货人：赵凤兰 15817660678，赵美玲 136252547593"]
[1,{"$nulls":5},{"v":0,"d":"¥0.00"}]
[2,{"$nulls":5},{"v":0,"d":"¥0.00"}]
[3,{"$nulls":5},{"v":0,"d":"¥0.00"}]
[null,"小计",{"$nulls":4},{"v":0,"d":"¥0.00"}]
["设备管理五部（塘厦凤凰水厂）",null,"收货地址：东莞市塘厦镇凤凰社区凤清路65号塘厦凤凰水厂，收货人：黄礼文 13686099284"]
[1,{"$nulls":5},{"v":0,"d":"¥0.00"}]
[2,{"$nulls":5},{"v":0,"d":"¥0.00"}]
[3,{"$nulls":5},{"v":0,"d":"¥0.00"}]
[null,"小计",{"$nulls":4},{"v":0,"d":"¥0.00"}]
["设备管理五部（塘厦虾公岩水厂）",null,"收货地址：东莞市塘厦镇大坪社区四黎南路170-1塘厦虾公岩水厂，收货人：陈凤珍 15917721836，罗银妹 13392348369"]
[1,{"$nulls":5},{"v":0,"d":"¥0.00"}]
[2,{"$nulls":5},{"v":0,"d":"¥0.00"}]
[3,{"$nulls":5},{"v":0,"d":"¥0.00"}]
[null,"小计",{"$nulls":4},{"v":0,"d":"¥0.00"}]
["设备管理五部（凤岗第一水厂）",null,"收货地址：东莞市凤岗镇花果山二巷13号，收货人：张思雅 15322863540，张玉金 13798879957"]
[1,{"$nulls":5},{"v":0,"d":"¥0.00"}]
[2,{"$nulls":5},{"v":0,"d":"¥0.00"}]
[3,{"$nulls":5},{"v":0,"d":"¥0.00"}]
[null,"小计",{"$nulls":4},{"v":0,"d":"¥0.00"}]
["设备管理五部（凤岗第二水厂）",null,"收货地址：东莞市凤岗镇沙岭抽水站路8号，收货人：黄凯迪 13544779297，吕换清 13412350778"]
[1,{"$nulls":5},{"v":0,"d":"¥0.00"}]
[2,{"$nulls":5},{"v":0,"d":"¥0.00"}]
[3,{"$nulls":5},{"v":0,"d":"¥0.00"}]
[null,"小计",{"$nulls":4},{"v":0,"d":"¥0.00"}]
["设备管理六部（长湖水厂）",null,"收货地址：东莞市大岭山镇水朗村大岭山大道592号，收货人：汤青如 13728443754，黎锦辉 13652522995"]
[1,{"$nulls":5},{"v":0,"d":"¥0.00"}]
[2,{"$nulls":5},{"v":0,"d":"¥0.00"}]
[3,{"$nulls":5},{"v":0,"d":"¥0.00"}]
[null,"小计",{"$nulls":4},{"v":0,"d":"¥0.00"}]
["设备管理六部（松山湖水厂）",null,"收货地址：东莞市环湖路与南山路交叉口西北320米，收货人：陆嘉仪 13538640388，袁庆全 13922522636"]
[1,{"$nulls":5},{"v":0,"d":"¥0.00"}]
[2,{"$nulls":5},{"v":0,"d":"¥0.00"}]
[3,{"$nulls":5},{"v":0,"d":"¥0.00"}]
[null,"小计",{"$nulls":4},{"v":0,"d":"¥0.00"}]
["设备管理六部（芦花坑水厂）",null,"收货地址：东莞市虎门镇居岐路99号，收货人：周志恒 13728427322"]
[1,{"$nulls":5},{"v":0,"d":"¥0.00"}]
[2,{"$nulls":5},{"v":0,"d":"¥0.00"}]
[3,{"$nulls":5},{"v":0,"d":"¥0.00"}]
[null,"小计",{"$nulls":4},{"v":0,"d":"¥0.00"}]
[null,"合计",{"$nulls":4},{"v":0,"d":"¥0.00"}]

{"sheet":"阀门及配件类","index":1,"n_rows":7,"n_cols":12,"rows_kept":7,"hidden":true,"merged":[[0,0,0,8],[1,0,1,5],[1,6,1,8],[3,0,3,1],[3,2,3,8]],"flags":["formulas_cached_only"]}
["东莞市水务集团供水有限公司制水分公司2025年9月阀门及配件类物资采购申请清单"]
["编号:设备管理二部呈批(2025)XXX号",{"$nulls":5},"申购日期：2025年8月X日"]
["序号","物品名称","规格/型号","单位","数量","估算单价（元）","估算总金额（元）","备注","联系人及联系方式"]
["设备管理三部（第五水厂）",null,"收货地址：东莞市企石镇杨屋村新兴路33号第五水厂，收货人：林清文 13532690033，缪小英 13622678068"]
[1,{"$nulls":10},0]
[null,"小计",{"$nulls":4},{"v":0,"d":"¥0.00"},{"$nulls":4},0]
[null,"合计",{"$nulls":4},{"v":0,"d":"¥0.00"}]

{"sheet":"轴承类","index":2,"n_rows":7,"n_cols":9,"rows_kept":7,"hidden":true,"merged":[[0,0,0,8],[1,0,1,5],[1,6,1,8],[3,0,3,1],[3,2,3,8]],"flags":["formulas_cached_only"]}
["东莞市水务集团供水有限公司制水分公司2025年9月轴承类非协议供货物资采购申请清单"]
["编号:设备管理二部呈批(2025)XXX号",{"$nulls":5},"申购日期：2025年8月X日"]
["序号","物品名称","规格/型号","单位","数量","估算单价（元）","估算总金额（元）","备注","联系人及联系方式"]
["设备管理一部（万江水厂）",null,"收货地址：东莞市万江区万龙路191号万江水厂，收货人：杨伟强 15916738349，何汉能 13650220888"]
[1]
[null,"小计",{"$nulls":3},{"v":80,"d":"¥80.00"},{"v":0,"d":"¥0.00"}]
[null,"合计",{"$nulls":4},{"v":0,"d":"¥0.00"}]

{"sheet":"PLC系统类","index":3,"n_rows":149,"n_cols":9,"rows_kept":149,"hidden":true,"merged":[[0,0,0,8],[1,0,1,5],[1,6,1,8],[3,0,3,1],[3,2,3,8],[8,0,8,1],[8,2,8,8],[13,0,13,1],[13,2,13,8],[18,0,18,1],[18,2,18,8],[23,0,23,1],[23,2,23,8],[28,0,28,1],[28,2,28,8],[33,0,33,1],[33,2,33,8],[38,0,38,1],[38,2,38,8],[43,0,43,1],[43,2,43,8],[48,0,48,1],[48,2,48,8],[53,0,53,1],[53,2,53,8],[58,0,58,1],[58,2,58,8],[63,0,63,1],[63,2,63,8],[68,0,68,1],[68,2,68,8],[73,0,73,1],[73,2,73,8],[78,0,78,1],[78,2,78,8],[83,0,83,1],[83,2,83,8],[88,0,88,1],[88,2,88,8],[93,0,93,1],[93,2,93,8],[98,0,98,1],[98,2,98,8],[103,0,103,1],[103,2,103,8],[108,0,108,1],[108,2,108,8],[113,0,113,1],[113,2,113,8],[118,0,118,1],[118,2,118,8],[123,0,123,1],[123,2,123,8],[128,0,128,1],[128,2,128,8],[133,0,133,1],[133,2,133,8],[138,0,138,1],[138,2,138,8],[143,0,143,1],[143,2,143,8]],"flags":["formulas_cached_only"]}
["东莞市水务集团供水有限公司制水分公司2025年8月PLC系统类物资采购申请清单"]
["编号:设备管理二部呈批(2025)XXX号",{"$nulls":5},"申购日期：2025年7月X日"]
["序号","物品名称","规格/型号","单位","数量","估算单价（元）","估算总金额（元）","备注","联系人及联系方式"]
["设备管理一部（第四水厂）",null,"收货地址：东莞市石碣镇鹤田厦村富田路第四水厂，收货人：黎丽娟 13650105268，熊碧霞 13415856663"]
[1,{"$nulls":5},{"v":0,"d":"¥0.00"}]
[2,{"$nulls":5},{"v":0,"d":"¥0.00"}]
[3,{"$nulls":5},{"v":0,"d":"¥0.00"}]
[null,"小计",{"$nulls":4},{"v":0,"d":"¥0.00"}]
["设备管理一部（高埗水厂）",null,"收货地址：东莞市高埗镇沿江南路48号高埗水厂，收货人：廖树标 13712523481"]
[1,{"$nulls":5},{"v":0,"d":"¥0.00"}]
[2,{"$nulls":5},{"v":0,"d":"¥0.00"}]
[3,{"$nulls":5},{"v":0,"d":"¥0.00"}]
[null,"小计",{"$nulls":4},{"v":0,"d":"¥0.00"}]
["设备管理一部（万江水厂）",null,"收货地址：东莞市万江区万龙路191号万江水厂，收货人：杨伟强 15916738349，何汉能 13650220888"]
[1,{"$nulls":5},{"v":0,"d":"¥0.00"}]
[2,{"$nulls":5},{"v":0,"d":"¥0.00"}]
[3,{"$nulls":5},{"v":0,"d":"¥0.00"}]
[null,"小计",{"$nulls":4},{"v":0,"d":"¥0.00"}]
["设备管理一部（中堂水厂）",null,"收货地址：东莞市中堂镇滨江大道3号中堂水厂，收货人：赖远鑫 13713383382，李继成 13556793939"]
[1,{"$nulls":5},{"v":0,"d":"¥0.00"}]
[2,{"$nulls":5},{"v":0,"d":"¥0.00"}]
[3,{"$nulls":5},{"v":0,"d":"¥0.00"}]
[null,"小计",{"$nulls":4},{"v":0,"d":"¥0.00"}]
["设备管理一部（石碣水厂）",null,"收货地址：东莞市石碣镇同德路石碣水厂，收货人：何国栋 13377788395，袁惠成 13423235223"]
[1,{"$nulls":5},{"v":0,"d":"¥0.00"}]
[2,{"$nulls":5},{"v":0,"d":"¥0.00"}]
[3,{"$nulls":5},{"v":0,"d":"¥0.00"}]
[null,"小计",{"$nulls":4},{"v":0,"d":"¥0.00"}]
["设备管理二部（第三水厂）",null,"收货地址：东莞市东城樟村桂塘路12号，收货人：欧阳丹 13713099246"]
[1,{"$nulls":5},{"v":0,"d":"¥0.00"}]
[2,{"$nulls":5},{"v":0,"d":"¥0.00"}]
[3,{"$nulls":5},{"v":0,"d":"¥0.00"}]
[null,"小计",{"$nulls":4},{"v":0,"d":"¥0.00"}]
["设备管理二部（第六水厂）",null,"收货地址：东莞市东城街道莞龙路东城段21号，收货人：钟巧欢 13790666516，徐立安  13556769268"]
[1,{"$nulls":5},{"v":0,"d":"¥0.00"}]
[2,{"$nulls":5},{"v":0,"d":"¥0.00"}]
[3,{"$nulls":5},{"v":0,"d":"¥0.00"}]
[null,"小计",{"$nulls":4},{"v":0,"d":"¥0.00"}]
["设备管理二部（东城水厂）",null,"收货地址：东莞市东城下桥银岭街9号东城水厂，收货人：谢桂玲  13652639443，祁灼均 13546995678"]
[1,{"$nulls":5},{"v":0,"d":"¥0.00"}]
[2,{"$nulls":5},{"v":0,"d":"¥0.00"}]
[3,{"$nulls":5},{"v":0,"d":"¥0.00"}]
[null,"小计",{"$nulls":4},{"v":0,"d":"¥0.00"}]
["设备管理二部（石龙黄洲水厂）",null,"收货地址：东莞市石龙镇黄洲水源路6号黄洲水厂，收货人：刘月儒 15916936669，叶润珍 13326895152"]
[1,{"$nulls":5},{"v":0,"d":"¥0.00"}]
[2,{"$nulls":5},{"v":0,"d":"¥0.00"}]
[3,{"$nulls":5},{"v":0,"d":"¥0.00"}]
[null,"小计",{"$nulls":4},{"v":0,"d":"¥0.00"}]
["设备管理二部（石龙西湖水厂）",null,"收货地址：东莞市石龙镇西湖东路111号石龙西湖水厂，收货人：杨佩雯 13480449430，吴文烽 13825757818"]
[1,{"$nulls":5},{"v":0,"d":"¥0.00"}]
[2,{"$nulls":5},{"v":0,"d":"¥0.00"}]
[3,{"$nulls":5},{"v":0,"d":"¥0.00"}]
[null,"小计",{"$nulls":4},{"v":0,"d":"¥0.00"}]
["设备管理三部（第五水厂）",null,"收货地址：东莞市企石镇杨屋村新兴路33号第五水厂，收货人：林清文 13532690033，缪小英 13622678068"]
[1,{"$nulls":5},{"v":0,"d":"¥0.00"}]
[2,{"$nulls":5},{"v":0,"d":"¥0.00"}]
[3,{"$nulls":5},{"v":0,"d":"¥0.00"}]
[null,"小计",{"$nulls":4},{"v":0,"d":"¥0.00"}]
["设备管理三部（石排水厂）",null,"收货地址：东莞市石排镇东江大道石排段52号石排水厂，收货人：赖微珊 19928155511，邓闰傍 13532976833"]
[1,{"$nulls":5},{"v":0,"d":"¥0.00"}]
[2,{"$nulls":5},{"v":0,"d":"¥0.00"}]
[3,{"$nulls":5},{"v":0,"d":"¥0.00"}]
[null,"小计",{"$nulls":4},{"v":0,"d":"¥0.00"}]
["设备管理三部（企石水厂）",null,"收货地址：东莞市企石镇黄大仙路56号企石水厂，收货人：朱锐文 15989675266，刘锐谦 15816842146"]
[1,{"$nulls":5},{"v":0,"d":"¥0.00"}]
[2,{"$nulls":5},{"v":0,"d":"¥0.00"}]
[3,{"$nulls":5},{"v":0,"d":"¥0.00"}]
[null,"小计",{"$nulls":4},{"v":0,"d":"¥0.00"}]
["设备管理三部（桥头第二水厂）",null,"收货地址：东莞市桥头镇中兴路403号桥头第二水厂，收货人：莫仲琪 13902698481，钟汉强 13509849329"]
[1,{"$nulls":5},{"v":0,"d":"¥0.00"}]
[2,{"$nulls":5},{"v":0,"d":"¥0.00"}]
[3,{"$nulls":5},{"v":0,"d":"¥0.00"}]
[null,"小计",{"$nulls":4},{"v":0,"d":"¥0.00"}]
["设备管理三部（桥头第三水厂）",null,"收货地址：东莞市桥头镇东江村木棉路桥头第三水厂，收货人：莫浩祥 13532516168，罗国林 18922994622"]
[1,{"$nulls":5},{"v":0,"d":"¥0.00"}]
[2,{"$nulls":5},{"v":0,"d":"¥0.00"}]
[3,{"$nulls":5},{"v":0,"d":"¥0.00"}]
[null,"小计",{"$nulls":4},{"v":0,"d":"¥0.00"}]
["设备管理三部（横沥水厂）",null,"收货地址：东莞市横沥镇横沥东环路260号横沥水厂，收货人：黄汉桃 13711832138"]
[1,{"$nulls":5},{"v":0,"d":"¥0.00"}]
[2,{"$nulls":5},{"v":0,"d":"¥0.00"}]
[3,{"$nulls":5},{"v":0,"d":"¥0.00"}]
[null,"小计",{"$nulls":4},{"v":0,"d":"¥0.00"}]
["设备管理四部（黄江水厂）",null,"收货地址：东莞市黄江镇黄牛埔村强健街2号黄江水厂，收货人：黄健维 13129425636，王建华 13580904047"]
[1,{"$nulls":5},{"v":0,"d":"¥0.00"}]
[2,{"$nulls":5},{"v":0,"d":"¥0.00"}]
[3,{"$nulls":5},{"v":0,"d":"¥0.00"}]
[null,"小计",{"$nulls":4},{"v":0,"d":"¥0.00"}]
["设备管理四部（樟木头簕竹排水厂）",null,"收货地址：东莞市樟木头镇滨河路45号簕竹排水厂，收货人：刘子军 13790218277，黄汉明 18825897855"]
[1,{"$nulls":5},{"v":0,"d":"¥0.00"}]
[2,{"$nulls":5},{"v":0,"d":"¥0.00"}]
[3,{"$nulls":5},{"v":0,"d":"¥0.00"}]
[null,"小计",{"$nulls":4},{"v":0,"d":"¥0.00"}]
["设备管理四部（谢岗第二水厂）",null,"收货地址：东莞市谢岗镇南面石鼓水库路22号谢岗第二水厂，收货人：林嘉兴 13268555430，张李红 13128071061"]
[1,{"$nulls":5},{"v":0,"d":"¥0.00"}]
[2,{"$nulls":5},{"v":0,"d":"¥0.00"}]
[3,{"$nulls":5},{"v":0,"d":"¥0.00"}]
[null,"小计",{"$nulls":4},{"v":0,"d":"¥0.00"}]
["设备管理四部（谢岗第三水厂）",null,"收货地址：东莞市谢岗镇曹乐工业一路15号101室供水公司，收货人：朱树明 13713366089，刘晓彬 13926867866"]
[1,{"$nulls":5},{"v":0,"d":"¥0.00"}]
[2,{"$nulls":5},{"v":0,"d":"¥0.00"}]
[3,{"$nulls":5},{"v":0,"d":"¥0.00"}]
[null,"小计",{"$nulls":4},{"v":0,"d":"¥0.00"}]
["设备管理四部（塘厦牛眠埔水厂）",null,"收货地址：东莞市塘厦镇牛眠埔新围路牛眠埔水厂，收货人：黄颖璋 13713362502，罗亮开 13729993310"]
[1,{"$nulls":5},{"v":0,"d":"¥0.00"}]
[2,{"$nulls":5},{"v":0,"d":"¥0.00"}]
[3,{"$nulls":5},{"v":0,"d":"¥0.00"}]
[null,"小计",{"$nulls":4},{"v":0,"d":"¥0.00"}]
["设备管理五部（塘厦中心水厂）",null,"收货地址：东莞市塘厦镇东深一路8号塘厦中心水厂，收货人：赵凤兰 15817660678，赵美玲 136252547593"]
[1,{"$nulls":5},{"v":0,"d":"¥0.00"}]
[2,{"$nulls":5},{"v":0,"d":"¥0.00"}]
[3,{"$nulls":5},{"v":0,"d":"¥0.00"}]
[null,"小计",{"$nulls":4},{"v":0,"d":"¥0.00"}]
["设备管理五部（塘厦凤凰水厂）",null,"收货地址：东莞市塘厦镇凤凰社区凤清路65号塘厦凤凰水厂，收货人：黄礼文 13686099284"]
[1,{"$nulls":5},{"v":0,"d":"¥0.00"}]
[2,{"$nulls":5},{"v":0,"d":"¥0.00"}]
[3,{"$nulls":5},{"v":0,"d":"¥0.00"}]
[null,"小计",{"$nulls":4},{"v":0,"d":"¥0.00"}]
["设备管理五部（塘厦虾公岩水厂）",null,"收货地址：东莞市塘厦镇大坪社区四黎南路170-1塘厦虾公岩水厂，收货人：陈凤珍 15917721836，罗银妹 13392348369"]
[1,{"$nulls":5},{"v":0,"d":"¥0.00"}]
[2,{"$nulls":5},{"v":0,"d":"¥0.00"}]
[3,{"$nulls":5},{"v":0,"d":"¥0.00"}]
[null,"小计",{"$nulls":4},{"v":0,"d":"¥0.00"}]
["设备管理五部（凤岗第一水厂）",null,"收货地址：东莞市凤岗镇花果山二巷13号，收货人：张思雅 15322863540，张玉金 13798879957"]
[1,{"$nulls":5},{"v":0,"d":"¥0.00"}]
[2,{"$nulls":5},{"v":0,"d":"¥0.00"}]
[3,{"$nulls":5},{"v":0,"d":"¥0.00"}]
[null,"小计",{"$nulls":4},{"v":0,"d":"¥0.00"}]
["设备管理五部（凤岗第二水厂）",null,"收货地址：东莞市凤岗镇沙岭抽水站路8号，收货人：黄凯迪 13544779297，吕换清 13412350778"]
[1,{"$nulls":5},{"v":0,"d":"¥0.00"}]
[2,{"$nulls":5},{"v":0,"d":"¥0.00"}]
[3,{"$nulls":5},{"v":0,"d":"¥0.00"}]
[null,"小计",{"$nulls":4},{"v":0,"d":"¥0.00"}]
["设备管理六部（长湖水厂）",null,"收货地址：东莞市大岭山镇水朗村大岭山大道592号，收货人：汤青如 13728443754，黎锦辉 13652522995"]
[1,{"$nulls":5},{"v":0,"d":"¥0.00"}]
[2,{"$nulls":5},{"v":0,"d":"¥0.00"}]
[3,{"$nulls":5},{"v":0,"d":"¥0.00"}]
[null,"小计",{"$nulls":4},{"v":0,"d":"¥0.00"}]
["设备管理六部（松山湖水厂）",null,"收货地址：东莞市环湖路与南山路交叉口西北320米，收货人：陆嘉仪 13538640388，袁庆全 13922522636"]
[1,{"$nulls":5},{"v":0,"d":"¥0.00"}]
[2,{"$nulls":5},{"v":0,"d":"¥0.00"}]
[3,{"$nulls":5},{"v":0,"d":"¥0.00"}]
[null,"小计",{"$nulls":4},{"v":0,"d":"¥0.00"}]
["设备管理六部（芦花坑水厂）",null,"收货地址：东莞市虎门镇居岐路99号，收货人：周志恒 13728427322"]
[1,{"$nulls":5},{"v":0,"d":"¥0.00"}]
[2,{"$nulls":5},{"v":0,"d":"¥0.00"}]
[3,{"$nulls":5},{"v":0,"d":"¥0.00"}]
[null,"小计",{"$nulls":4},{"v":0,"d":"¥0.00"}]
[null,"合计",{"$nulls":4},{"v":0,"d":"¥0.00"}]

{"sheet":"水质仪表类","index":4,"n_rows":149,"n_cols":9,"rows_kept":149,"hidden":true,"merged":[[0,0,0,8],[1,0,1,5],[1,6,1,8],[3,0,3,1],[3,2,3,8],[8,0,8,1],[8,2,8,8],[13,0,13,1],[13,2,13,8],[18,0,18,1],[18,2,18,8],[23,0,23,1],[23,2,23,8],[28,0,28,1],[28,2,28,8],[33,0,33,1],[33,2,33,8],[38,0,38,1],[38,2,38,8],[43,0,43,1],[43,2,43,8],[48,0,48,1],[48,2,48,8],[53,0,53,1],[53,2,53,8],[58,0,58,1],[58,2,58,8],[63,0,63,1],[63,2,63,8],[68,0,68,1],[68,2,68,8],[73,0,73,1],[73,2,73,8],[78,0,78,1],[78,2,78,8],[83,0,83,1],[83,2,83,8],[88,0,88,1],[88,2,88,8],[93,0,93,1],[93,2,93,8],[98,0,98,1],[98,2,98,8],[103,0,103,1],[103,2,103,8],[108,0,108,1],[108,2,108,8],[113,0,113,1],[113,2,113,8],[118,0,118,1],[118,2,118,8],[123,0,123,1],[123,2,123,8],[128,0,128,1],[128,2,128,8],[133,0,133,1],[133,2,133,8],[138,0,138,1],[138,2,138,8],[143,0,143,1],[143,2,143,8]],"flags":["formulas_cached_only"]}
["东莞市水务集团供水有限公司制水分公司2025年8月水质仪表类物资采购申请清单"]
["编号:设备管理二部呈批(2025)XXX号",{"$nulls":5},"申购日期：2025年7月X日"]
["序号","物品名称","规格/型号","单位","数量","估算单价（元）","估算总金额（元）","备注","联系人及联系方式"]
["设备管理一部（第四水厂）",null,"收货地址：东莞市石碣镇鹤田厦村富田路第四水厂，收货人：黎丽娟 13650105268，熊碧霞 13415856663"]
[1,{"$nulls":5},{"v":0,"d":"¥0.00"}]
[2,{"$nulls":5},{"v":0,"d":"¥0.00"}]
[3,{"$nulls":5},{"v":0,"d":"¥0.00"}]
[null,"小计",{"$nulls":4},{"v":0,"d":"¥0.00"}]
["设备管理一部（高埗水厂）",null,"收货地址：东莞市高埗镇沿江南路48号高埗水厂，收货人：廖树标 13712523481"]
[1,{"$nulls":5},{"v":0,"d":"¥0.00"}]
[2,{"$nulls":5},{"v":0,"d":"¥0.00"}]
[3,{"$nulls":5},{"v":0,"d":"¥0.00"}]
[null,"小计",{"$nulls":4},{"v":0,"d":"¥0.00"}]
["设备管理一部（万江水厂）",null,"收货地址：东莞市万江区万龙路191号万江水厂，收货人：杨伟强 15916738349，何汉能 13650220888"]
[1,{"$nulls":5},{"v":0,"d":"¥0.00"}]
[2,{"$nulls":5},{"v":0,"d":"¥0.00"}]
[3,{"$nulls":5},{"v":0,"d":"¥0.00"}]
[null,"小计",{"$nulls":4},{"v":0,"d":"¥0.00"}]
["设备管理一部（中堂水厂）",null,"收货地址：东莞市中堂镇滨江大道3号中堂水厂，收货人：赖远鑫 13713383382，李继成 13556793939"]
[1,{"$nulls":5},{"v":0,"d":"¥0.00"}]
[2,{"$nulls":5},{"v":0,"d":"¥0.00"}]
[3,{"$nulls":5},{"v":0,"d":"¥0.00"}]
[null,"小计",{"$nulls":4},{"v":0,"d":"¥0.00"}]
["设备管理一部（石碣水厂）",null,"收货地址：东莞市石碣镇同德路石碣水厂，收货人：何国栋 13377788395，袁惠成 13423235223"]
[1,{"$nulls":5},{"v":0,"d":"¥0.00"}]
[2,{"$nulls":5},{"v":0,"d":"¥0.00"}]
[3,{"$nulls":5},{"v":0,"d":"¥0.00"}]
[null,"小计",{"$nulls":4},{"v":0,"d":"¥0.00"}]
["设备管理二部（第三水厂）",null,"收货地址：东莞市东城樟村桂塘路12号，收货人：欧阳丹 13713099246"]
[1,{"$nulls":5},{"v":0,"d":"¥0.00"}]
[2,{"$nulls":5},{"v":0,"d":"¥0.00"}]
[3,{"$nulls":5},{"v":0,"d":"¥0.00"}]
[null,"小计",{"$nulls":4},{"v":0,"d":"¥0.00"}]
["设备管理二部（第六水厂）",null,"收货地址：东莞市东城街道莞龙路东城段21号，收货人：钟巧欢 13790666516，徐立安  13556769268"]
[1,{"$nulls":5},{"v":0,"d":"¥0.00"}]
[2,{"$nulls":5},{"v":0,"d":"¥0.00"}]
[3,{"$nulls":5},{"v":0,"d":"¥0.00"}]
[null,"小计",{"$nulls":4},{"v":0,"d":"¥0.00"}]
["设备管理二部（东城水厂）",null,"收货地址：东莞市东城下桥银岭街9号东城水厂，收货人：谢桂玲  13652639443，祁灼均 13546995678"]
[1,{"$nulls":5},{"v":0,"d":"¥0.00"}]
[2,{"$nulls":5},{"v":0,"d":"¥0.00"}]
[3,{"$nulls":5},{"v":0,"d":"¥0.00"}]
[null,"小计",{"$nulls":4},{"v":0,"d":"¥0.00"}]
["设备管理二部（石龙黄洲水厂）",null,"收货地址：东莞市石龙镇黄洲水源路6号黄洲水厂，收货人：刘月儒 15916936669，叶润珍 13326895152"]
[1,{"$nulls":5},{"v":0,"d":"¥0.00"}]
[2,{"$nulls":5},{"v":0,"d":"¥0.00"}]
[3,{"$nulls":5},{"v":0,"d":"¥0.00"}]
[null,"小计",{"$nulls":4},{"v":0,"d":"¥0.00"}]
["设备管理二部（石龙西湖水厂）",null,"收货地址：东莞市石龙镇西湖东路111号石龙西湖水厂，收货人：杨佩雯 13480449430，吴文烽 13825757818"]
[1,{"$nulls":5},{"v":0,"d":"¥0.00"}]
[2,{"$nulls":5},{"v":0,"d":"¥0.00"}]
[3,{"$nulls":5},{"v":0,"d":"¥0.00"}]
[null,"小计",{"$nulls":4},{"v":0,"d":"¥0.00"}]
["设备管理三部（第五水厂）",null,"收货地址：东莞市企石镇杨屋村新兴路33号第五水厂，收货人：林清文 13532690033，缪小英 13622678068"]
[1,{"$nulls":5},{"v":0,"d":"¥0.00"}]
[2,{"$nulls":5},{"v":0,"d":"¥0.00"}]
[3,{"$nulls":5},{"v":0,"d":"¥0.00"}]
[null,"小计",{"$nulls":4},{"v":0,"d":"¥0.00"}]
["设备管理三部（石排水厂）",null,"收货地址：东莞市石排镇东江大道石排段52号石排水厂，收货人：赖微珊 19928155511，邓闰傍 13532976833"]
[1,{"$nulls":5},{"v":0,"d":"¥0.00"}]
[2,{"$nulls":5},{"v":0,"d":"¥0.00"}]
[3,{"$nulls":5},{"v":0,"d":"¥0.00"}]
[null,"小计",{"$nulls":4},{"v":0,"d":"¥0.00"}]
["设备管理三部（企石水厂）",null,"收货地址：东莞市企石镇黄大仙路56号企石水厂，收货人：朱锐文 15989675266，刘锐谦 15816842146"]
[1,{"$nulls":5},{"v":0,"d":"¥0.00"}]
[2,{"$nulls":5},{"v":0,"d":"¥0.00"}]
[3,{"$nulls":5},{"v":0,"d":"¥0.00"}]
[null,"小计",{"$nulls":4},{"v":0,"d":"¥0.00"}]
["设备管理三部（桥头第二水厂）",null,"收货地址：东莞市桥头镇中兴路403号桥头第二水厂，收货人：莫仲琪 13902698481，钟汉强 13509849329"]
[1,{"$nulls":5},{"v":0,"d":"¥0.00"}]
[2,{"$nulls":5},{"v":0,"d":"¥0.00"}]
[3,{"$nulls":5},{"v":0,"d":"¥0.00"}]
[null,"小计",{"$nulls":4},{"v":0,"d":"¥0.00"}]
["设备管理三部（桥头第三水厂）",null,"收货地址：东莞市桥头镇东江村木棉路桥头第三水厂，收货人：莫浩祥 13532516168，罗国林 18922994622"]
[1,{"$nulls":5},{"v":0,"d":"¥0.00"}]
[2,{"$nulls":5},{"v":0,"d":"¥0.00"}]
[3,{"$nulls":5},{"v":0,"d":"¥0.00"}]
[null,"小计",{"$nulls":4},{"v":0,"d":"¥0.00"}]
["设备管理三部（横沥水厂）",null,"收货地址：东莞市横沥镇横沥东环路260号横沥水厂，收货人：黄汉桃 13711832138"]
[1,{"$nulls":5},{"v":0,"d":"¥0.00"}]
[2,{"$nulls":5},{"v":0,"d":"¥0.00"}]
[3,{"$nulls":5},{"v":0,"d":"¥0.00"}]
[null,"小计",{"$nulls":4},{"v":0,"d":"¥0.00"}]
["设备管理四部（黄江水厂）",null,"收货地址：东莞市黄江镇黄牛埔村强健街2号黄江水厂，收货人：黄健维 13129425636，王建华 13580904047"]
[1,{"$nulls":5},{"v":0,"d":"¥0.00"}]
[2,{"$nulls":5},{"v":0,"d":"¥0.00"}]
[3,{"$nulls":5},{"v":0,"d":"¥0.00"}]
[null,"小计",{"$nulls":4},{"v":0,"d":"¥0.00"}]
["设备管理四部（樟木头簕竹排水厂）",null,"收货地址：东莞市樟木头镇滨河路45号簕竹排水厂，收货人：刘子军 13790218277，黄汉明 18825897855"]
[1,{"$nulls":5},{"v":0,"d":"¥0.00"}]
[2,{"$nulls":5},{"v":0,"d":"¥0.00"}]
[3,{"$nulls":5},{"v":0,"d":"¥0.00"}]
[null,"小计",{"$nulls":4},{"v":0,"d":"¥0.00"}]
["设备管理四部（谢岗第二水厂）",null,"收货地址：东莞市谢岗镇南面石鼓水库路22号谢岗第二水厂，收货人：林嘉兴 13268555430，张李红 13128071061"]
[1,{"$nulls":5},{"v":0,"d":"¥0.00"}]
[2,{"$nulls":5},{"v":0,"d":"¥0.00"}]
[3,{"$nulls":5},{"v":0,"d":"¥0.00"}]
[null,"小计",{"$nulls":4},{"v":0,"d":"¥0.00"}]
["设备管理四部（谢岗第三水厂）",null,"收货地址：东莞市谢岗镇曹乐工业一路15号101室供水公司，收货人：朱树明 13713366089，刘晓彬 13926867866"]
[1,{"$nulls":5},{"v":0,"d":"¥0.00"}]
[2,{"$nulls":5},{"v":0,"d":"¥0.00"}]
[3,{"$nulls":5},{"v":0,"d":"¥0.00"}]
[null,"小计",{"$nulls":4},{"v":0,"d":"¥0.00"}]
["设备管理四部（塘厦牛眠埔水厂）",null,"收货地址：东莞市塘厦镇牛眠埔新围路牛眠埔水厂，收货人：黄颖璋 13713362502，罗亮开 13729993310"]
[1,{"$nulls":5},{"v":0,"d":"¥0.00"}]
[2,{"$nulls":5},{"v":0,"d":"¥0.00"}]
[3,{"$nulls":5},{"v":0,"d":"¥0.00"}]
[null,"小计",{"$nulls":4},{"v":0,"d":"¥0.00"}]
["设备管理五部（塘厦中心水厂）",null,"收货地址：东莞市塘厦镇东深一路8号塘厦中心水厂，收货人：赵凤兰 15817660678，赵美玲 136252547593"]
[1,{"$nulls":5},{"v":0,"d":"¥0.00"}]
[2,{"$nulls":5},{"v":0,"d":"¥0.00"}]
[3,{"$nulls":5},{"v":0,"d":"¥0.00"}]
[null,"小计",{"$nulls":4},{"v":0,"d":"¥0.00"}]
["设备管理五部（塘厦凤凰水厂）",null,"收货地址：东莞市塘厦镇凤凰社区凤清路65号塘厦凤凰水厂，收货人：黄礼文 13686099284"]
[1,{"$nulls":5},{"v":0,"d":"¥0.00"}]
[2,{"$nulls":5},{"v":0,"d":"¥0.00"}]
[3,{"$nulls":5},{"v":0,"d":"¥0.00"}]
[null,"小计",{"$nulls":4},{"v":0,"d":"¥0.00"}]
["设备管理五部（塘厦虾公岩水厂）",null,"收货地址：东莞市塘厦镇大坪社区四黎南路170-1塘厦虾公岩水厂，收货人：陈凤珍 15917721836，罗银妹 13392348369"]
[1,{"$nulls":5},{"v":0,"d":"¥0.00"}]
[2,{"$nulls":5},{"v":0,"d":"¥0.00"}]
[3,{"$nulls":5},{"v":0,"d":"¥0.00"}]
[null,"小计",{"$nulls":4},{"v":0,"d":"¥0.00"}]
["设备管理五部（凤岗第一水厂）",null,"收货地址：东莞市凤岗镇花果山二巷13号，收货人：张思雅 15322863540，张玉金 13798879957"]
[1,{"$nulls":5},{"v":0,"d":"¥0.00"}]
[2,{"$nulls":5},{"v":0,"d":"¥0.00"}]
[3,{"$nulls":5},{"v":0,"d":"¥0.00"}]
[null,"小计",{"$nulls":4},{"v":0,"d":"¥0.00"}]
["设备管理五部（凤岗第二水厂）",null,"收货地址：东莞市凤岗镇沙岭抽水站路8号，收货人：黄凯迪 13544779297，吕换清 13412350778"]
[1,{"$nulls":5},{"v":0,"d":"¥0.00"}]
[2,{"$nulls":5},{"v":0,"d":"¥0.00"}]
[3,{"$nulls":5},{"v":0,"d":"¥0.00"}]
[null,"小计",{"$nulls":4},{"v":0,"d":"¥0.00"}]
["设备管理六部（长湖水厂）",null,"收货地址：东莞市大岭山镇水朗村大岭山大道592号，收货人：汤青如 13728443754，黎锦辉 13652522995"]
[1,{"$nulls":5},{"v":0,"d":"¥0.00"}]
[2,{"$nulls":5},{"v":0,"d":"¥0.00"}]
[3,{"$nulls":5},{"v":0,"d":"¥0.00"}]
[null,"小计",{"$nulls":4},{"v":0,"d":"¥0.00"}]
["设备管理六部（松山湖水厂）",null,"收货地址：东莞市环湖路与南山路交叉口西北320米，收货人：陆嘉仪 13538640388，袁庆全 13922522636"]
[1,{"$nulls":5},{"v":0,"d":"¥0.00"}]
[2,{"$nulls":5},{"v":0,"d":"¥0.00"}]
[3,{"$nulls":5},{"v":0,"d":"¥0.00"}]
[null,"小计",{"$nulls":4},{"v":0,"d":"¥0.00"}]
["设备管理六部（芦花坑水厂）",null,"收货地址：东莞市虎门镇居岐路99号，收货人：周志恒 13728427322"]
[1,{"$nulls":5},{"v":0,"d":"¥0.00"}]
[2,{"$nulls":5},{"v":0,"d":"¥0.00"}]
[3,{"$nulls":5},{"v":0,"d":"¥0.00"}]
[null,"小计",{"$nulls":4},{"v":0,"d":"¥0.00"}]
[null,"合计",{"$nulls":4},{"v":0,"d":"¥0.00"}]

{"sheet":"生产网络设备类","index":5,"n_rows":149,"n_cols":9,"rows_kept":149,"hidden":true,"merged":[[0,0,0,8],[1,0,1,5],[1,6,1,8],[3,0,3,1],[3,2,3,8],[8,0,8,1],[8,2,8,8],[13,0,13,1],[13,2,13,8],[18,0,18,1],[18,2,18,8],[23,0,23,1],[23,2,23,8],[28,0,28,1],[28,2,28,8],[33,0,33,1],[33,2,33,8],[38,0,38,1],[38,2,38,8],[43,0,43,1],[43,2,43,8],[48,0,48,1],[48,2,48,8],[53,0,53,1],[53,2,53,8],[58,0,58,1],[58,2,58,8],[63,0,63,1],[63,2,63,8],[68,0,68,1],[68,2,68,8],[73,0,73,1],[73,2,73,8],[78,0,78,1],[78,2,78,8],[83,0,83,1],[83,2,83,8],[88,0,88,1],[88,2,88,8],[93,0,93,1],[93,2,93,8],[98,0,98,1],[98,2,98,8],[103,0,103,1],[103,2,103,8],[108,0,108,1],[108,2,108,8],[113,0,113,1],[113,2,113,8],[118,0,118,1],[118,2,118,8],[123,0,123,1],[123,2,123,8],[128,0,128,1],[128,2,128,8],[133,0,133,1],[133,2,133,8],[138,0,138,1],[138,2,138,8],[143,0,143,1],[143,2,143,8]],"flags":["formulas_cached_only"]}
["东莞市水务集团供水有限公司制水分公司2025年8月生产网络设备类物资采购申请清单"]
["编号:设备管理二部呈批(2025)XXX号",{"$nulls":5},"申购日期：2025年7月X日"]
["序号","物品名称","规格/型号","单位","数量","估算单价（元）","估算总金额（元）","备注","联系人及联系方式"]
["设备管理一部（第四水厂）",null,"收货地址：东莞市石碣镇鹤田厦村富田路第四水厂，收货人：黎丽娟 13650105268，熊碧霞 13415856663"]
[1,{"$nulls":5},{"v":0,"d":"¥0.00"}]
[2,{"$nulls":5},{"v":0,"d":"¥0.00"}]
[3,{"$nulls":5},{"v":0,"d":"¥0.00"}]
[null,"小计",{"$nulls":4},{"v":0,"d":"¥0.00"}]
["设备管理一部（高埗水厂）",null,"收货地址：东莞市高埗镇沿江南路48号高埗水厂，收货人：廖树标 13712523481"]
[1,{"$nulls":5},{"v":0,"d":"¥0.00"}]
[2,{"$nulls":5},{"v":0,"d":"¥0.00"}]
[3,{"$nulls":5},{"v":0,"d":"¥0.00"}]
[null,"小计",{"$nulls":4},{"v":0,"d":"¥0.00"}]
["设备管理一部（万江水厂）",null,"收货地址：东莞市万江区万龙路191号万江水厂，收货人：杨伟强 15916738349，何汉能 13650220888"]
[1,{"$nulls":5},{"v":0,"d":"¥0.00"}]
[2,{"$nulls":5},{"v":0,"d":"¥0.00"}]
[3,{"$nulls":5},{"v":0,"d":"¥0.00"}]
[null,"小计",{"$nulls":4},{"v":0,"d":"¥0.00"}]
["设备管理一部（中堂水厂）",null,"收货地址：东莞市中堂镇滨江大道3号中堂水厂，收货人：赖远鑫 13713383382，李继成 13556793939"]
[1,{"$nulls":5},{"v":0,"d":"¥0.00"}]
[2,{"$nulls":5},{"v":0,"d":"¥0.00"}]
[3,{"$nulls":5},{"v":0,"d":"¥0.00"}]
[null,"小计",{"$nulls":4},{"v":0,"d":"¥0.00"}]
["设备管理一部（石碣水厂）",null,"收货地址：东莞市石碣镇同德路石碣水厂，收货人：何国栋 13377788395，袁惠成 13423235223"]
[1,{"$nulls":5},{"v":0,"d":"¥0.00"}]
[2,{"$nulls":5},{"v":0,"d":"¥0.00"}]
[3,{"$nulls":5},{"v":0,"d":"¥0.00"}]
[null,"小计",{"$nulls":4},{"v":0,"d":"¥0.00"}]
["设备管理二部（第三水厂）",null,"收货地址：东莞市东城樟村桂塘路12号，收货人：欧阳丹 13713099246"]
[1,{"$nulls":5},{"v":0,"d":"¥0.00"}]
[2,{"$nulls":5},{"v":0,"d":"¥0.00"}]
[3,{"$nulls":5},{"v":0,"d":"¥0.00"}]
[null,"小计",{"$nulls":4},{"v":0,"d":"¥0.00"}]
["设备管理二部（第六水厂）",null,"收货地址：东莞市东城街道莞龙路东城段21号，收货人：钟巧欢 13790666516，徐立安  13556769268"]
[1,{"$nulls":5},{"v":0,"d":"¥0.00"}]
[2,{"$nulls":5},{"v":0,"d":"¥0.00"}]
[3,{"$nulls":5},{"v":0,"d":"¥0.00"}]
[null,"小计",{"$nulls":4},{"v":0,"d":"¥0.00"}]
["设备管理二部（东城水厂）",null,"收货地址：东莞市东城下桥银岭街9号东城水厂，收货人：谢桂玲  13652639443，祁灼均 13546995678"]
[1,{"$nulls":5},{"v":0,"d":"¥0.00"}]
[2,{"$nulls":5},{"v":0,"d":"¥0.00"}]
[3,{"$nulls":5},{"v":0,"d":"¥0.00"}]
[null,"小计",{"$nulls":4},{"v":0,"d":"¥0.00"}]
["设备管理二部（石龙黄洲水厂）",null,"收货地址：东莞市石龙镇黄洲水源路6号黄洲水厂，收货人：刘月儒 15916936669，叶润珍 13326895152"]
[1,{"$nulls":5},{"v":0,"d":"¥0.00"}]
[2,{"$nulls":5},{"v":0,"d":"¥0.00"}]
[3,{"$nulls":5},{"v":0,"d":"¥0.00"}]
[null,"小计",{"$nulls":4},{"v":0,"d":"¥0.00"}]
["设备管理二部（石龙西湖水厂）",null,"收货地址：东莞市石龙镇西湖东路111号石龙西湖水厂，收货人：杨佩雯 13480449430，吴文烽 13825757818"]
[1,{"$nulls":5},{"v":0,"d":"¥0.00"}]
[2,{"$nulls":5},{"v":0,"d":"¥0.00"}]
[3,{"$nulls":5},{"v":0,"d":"¥0.00"}]
[null,"小计",{"$nulls":4},{"v":0,"d":"¥0.00"}]
["设备管理三部（第五水厂）",null,"收货地址：东莞市企石镇杨屋村新兴路33号第五水厂，收货人：林清文 13532690033，缪小英 13622678068"]
[1,{"$nulls":5},{"v":0,"d":"¥0.00"}]
[2,{"$nulls":5},{"v":0,"d":"¥0.00"}]
[3,{"$nulls":5},{"v":0,"d":"¥0.00"}]
[null,"小计",{"$nulls":4},{"v":0,"d":"¥0.00"}]
["设备管理三部（石排水厂）",null,"收货地址：东莞市石排镇东江大道石排段52号石排水厂，收货人：赖微珊 19928155511，邓闰傍 13532976833"]
[1,{"$nulls":5},{"v":0,"d":"¥0.00"}]
[2,{"$nulls":5},{"v":0,"d":"¥0.00"}]
[3,{"$nulls":5},{"v":0,"d":"¥0.00"}]
[null,"小计",{"$nulls":4},{"v":0,"d":"¥0.00"}]
["设备管理三部（企石水厂）",null,"收货地址：东莞市企石镇黄大仙路56号企石水厂，收货人：朱锐文 15989675266，刘锐谦 15816842146"]
[1,{"$nulls":5},{"v":0,"d":"¥0.00"}]
[2,{"$nulls":5},{"v":0,"d":"¥0.00"}]
[3,{"$nulls":5},{"v":0,"d":"¥0.00"}]
[null,"小计",{"$nulls":4},{"v":0,"d":"¥0.00"}]
["设备管理三部（桥头第二水厂）",null,"收货地址：东莞市桥头镇中兴路403号桥头第二水厂，收货人：莫仲琪 13902698481，钟汉强 13509849329"]
[1,{"$nulls":5},{"v":0,"d":"¥0.00"}]
[2,{"$nulls":5},{"v":0,"d":"¥0.00"}]
[3,{"$nulls":5},{"v":0,"d":"¥0.00"}]
[null,"小计",{"$nulls":4},{"v":0,"d":"¥0.00"}]
["设备管理三部（桥头第三水厂）",null,"收货地址：东莞市桥头镇东江村木棉路桥头第三水厂，收货人：莫浩祥 13532516168，罗国林 18922994622"]
[1,{"$nulls":5},{"v":0,"d":"¥0.00"}]
[2,{"$nulls":5},{"v":0,"d":"¥0.00"}]
[3,{"$nulls":5},{"v":0,"d":"¥0.00"}]
[null,"小计",{"$nulls":4},{"v":0,"d":"¥0.00"}]
["设备管理三部（横沥水厂）",null,"收货地址：东莞市横沥镇横沥东环路260号横沥水厂，收货人：黄汉桃 13711832138"]
[1,{"$nulls":5},{"v":0,"d":"¥0.00"}]
[2,{"$nulls":5},{"v":0,"d":"¥0.00"}]
[3,{"$nulls":5},{"v":0,"d":"¥0.00"}]
[null,"小计",{"$nulls":4},{"v":0,"d":"¥0.00"}]
["设备管理四部（黄江水厂）",null,"收货地址：东莞市黄江镇黄牛埔村强健街2号黄江水厂，收货人：黄健维 13129425636，王建华 13580904047"]
[1,{"$nulls":5},{"v":0,"d":"¥0.00"}]
[2,{"$nulls":5},{"v":0,"d":"¥0.00"}]
[3,{"$nulls":5},{"v":0,"d":"¥0.00"}]
[null,"小计",{"$nulls":4},{"v":0,"d":"¥0.00"}]
["设备管理四部（樟木头簕竹排水厂）",null,"收货地址：东莞市樟木头镇滨河路45号簕竹排水厂，收货人：刘子军 13790218277，黄汉明 18825897855"]
[1,{"$nulls":5},{"v":0,"d":"¥0.00"}]
[2,{"$nulls":5},{"v":0,"d":"¥0.00"}]
[3,{"$nulls":5},{"v":0,"d":"¥0.00"}]
[null,"小计",{"$nulls":4},{"v":0,"d":"¥0.00"}]
["设备管理四部（谢岗第二水厂）",null,"收货地址：东莞市谢岗镇南面石鼓水库路22号谢岗第二水厂，收货人：林嘉兴 13268555430，张李红 13128071061"]
[1,{"$nulls":5},{"v":0,"d":"¥0.00"}]
[2,{"$nulls":5},{"v":0,"d":"¥0.00"}]
[3,{"$nulls":5},{"v":0,"d":"¥0.00"}]
[null,"小计",{"$nulls":4},{"v":0,"d":"¥0.00"}]
["设备管理四部（谢岗第三水厂）",null,"收货地址：东莞市谢岗镇曹乐工业一路15号101室供水公司，收货人：朱树明 13713366089，刘晓彬 13926867866"]
[1,{"$nulls":5},{"v":0,"d":"¥0.00"}]
[2,{"$nulls":5},{"v":0,"d":"¥0.00"}]
[3,{"$nulls":5},{"v":0,"d":"¥0.00"}]
[null,"小计",{"$nulls":4},{"v":0,"d":"¥0.00"}]
["设备管理四部（塘厦牛眠埔水厂）",null,"收货地址：东莞市塘厦镇牛眠埔新围路牛眠埔水厂，收货人：黄颖璋 13713362502，罗亮开 13729993310"]
[1,{"$nulls":5},{"v":0,"d":"¥0.00"}]
[2,{"$nulls":5},{"v":0,"d":"¥0.00"}]
[3,{"$nulls":5},{"v":0,"d":"¥0.00"}]
[null,"小计",{"$nulls":4},{"v":0,"d":"¥0.00"}]
["设备管理五部（塘厦中心水厂）",null,"收货地址：东莞市塘厦镇东深一路8号塘厦中心水厂，收货人：赵凤兰 15817660678，赵美玲 136252547593"]
[1,{"$nulls":5},{"v":0,"d":"¥0.00"}]
[2,{"$nulls":5},{"v":0,"d":"¥0.00"}]
[3,{"$nulls":5},{"v":0,"d":"¥0.00"}]
[null,"小计",{"$nulls":4},{"v":0,"d":"¥0.00"}]
["设备管理五部（塘厦凤凰水厂）",null,"收货地址：东莞市塘厦镇凤凰社区凤清路65号塘厦凤凰水厂，收货人：黄礼文 13686099284"]
[1,{"$nulls":5},{"v":0,"d":"¥0.00"}]
[2,{"$nulls":5},{"v":0,"d":"¥0.00"}]
[3,{"$nulls":5},{"v":0,"d":"¥0.00"}]
[null,"小计",{"$nulls":4},{"v":0,"d":"¥0.00"}]
["设备管理五部（塘厦虾公岩水厂）",null,"收货地址：东莞市塘厦镇大坪社区四黎南路170-1塘厦虾公岩水厂，收货人：陈凤珍 15917721836，罗银妹 13392348369"]
[1,{"$nulls":5},{"v":0,"d":"¥0.00"}]
[2,{"$nulls":5},{"v":0,"d":"¥0.00"}]
[3,{"$nulls":5},{"v":0,"d":"¥0.00"}]
[null,"小计",{"$nulls":4},{"v":0,"d":"¥0.00"}]
["设备管理五部（凤岗第一水厂）",null,"收货地址：东莞市凤岗镇花果山二巷13号，收货人：张思雅 15322863540，张玉金 13798879957"]
[1,{"$nulls":5},{"v":0,"d":"¥0.00"}]
[2,{"$nulls":5},{"v":0,"d":"¥0.00"}]
[3,{"$nulls":5},{"v":0,"d":"¥0.00"}]
[null,"小计",{"$nulls":4},{"v":0,"d":"¥0.00"}]
["设备管理五部（凤岗第二水厂）",null,"收货地址：东莞市凤岗镇沙岭抽水站路8号，收货人：黄凯迪 13544779297，吕换清 13412350778"]
[1,{"$nulls":5},{"v":0,"d":"¥0.00"}]
[2,{"$nulls":5},{"v":0,"d":"¥0.00"}]
[3,{"$nulls":5},{"v":0,"d":"¥0.00"}]
[null,"小计",{"$nulls":4},{"v":0,"d":"¥0.00"}]
["设备管理六部（长湖水厂）",null,"收货地址：东莞市大岭山镇水朗村大岭山大道592号，收货人：汤青如 13728443754，黎锦辉 13652522995"]
[1,{"$nulls":5},{"v":0,"d":"¥0.00"}]
[2,{"$nulls":5},{"v":0,"d":"¥0.00"}]
[3,{"$nulls":5},{"v":0,"d":"¥0.00"}]
[null,"小计",{"$nulls":4},{"v":0,"d":"¥0.00"}]
["设备管理六部（松山湖水厂）",null,"收货地址：东莞市环湖路与南山路交叉口西北320米，收货人：陆嘉仪 13538640388，袁庆全 13922522636"]
[1,{"$nulls":5},{"v":0,"d":"¥0.00"}]
[2,{"$nulls":5},{"v":0,"d":"¥0.00"}]
[3,{"$nulls":5},{"v":0,"d":"¥0.00"}]
[null,"小计",{"$nulls":4},{"v":0,"d":"¥0.00"}]
["设备管理六部（芦花坑水厂）",null,"收货地址：东莞市虎门镇居岐路99号，收货人：周志恒 13728427322"]
[1,{"$nulls":5},{"v":0,"d":"¥0.00"}]
[2,{"$nulls":5},{"v":0,"d":"¥0.00"}]
[3,{"$nulls":5},{"v":0,"d":"¥0.00"}]
[null,"小计",{"$nulls":4},{"v":0,"d":"¥0.00"}]
[null,"合计",{"$nulls":4},{"v":0,"d":"¥0.00"}]

{"sheet":"监控设备类","index":6,"n_rows":149,"n_cols":9,"rows_kept":149,"hidden":true,"merged":[[0,0,0,8],[1,0,1,5],[1,6,1,8],[3,0,3,1],[3,2,3,8],[8,0,8,1],[8,2,8,8],[13,0,13,1],[13,2,13,8],[18,0,18,1],[18,2,18,8],[23,0,23,1],[23,2,23,8],[28,0,28,1],[28,2,28,8],[33,0,33,1],[33,2,33,8],[38,0,38,1],[38,2,38,8],[43,0,43,1],[43,2,43,8],[48,0,48,1],[48,2,48,8],[53,0,53,1],[53,2,53,8],[58,0,58,1],[58,2,58,8],[63,0,63,1],[63,2,63,8],[68,0,68,1],[68,2,68,8],[73,0,73,1],[73,2,73,8],[78,0,78,1],[78,2,78,8],[83,0,83,1],[83,2,83,8],[88,0,88,1],[88,2,88,8],[93,0,93,1],[93,2,93,8],[98,0,98,1],[98,2,98,8],[103,0,103,1],[103,2,103,8],[108,0,108,1],[108,2,108,8],[113,0,113,1],[113,2,113,8],[118,0,118,1],[118,2,118,8],[123,0,123,1],[123,2,123,8],[128,0,128,1],[128,2,128,8],[133,0,133,1],[133,2,133,8],[138,0,138,1],[138,2,138,8],[143,0,143,1],[143,2,143,8]],"flags":["formulas_cached_only"]}
["东莞市水务集团供水有限公司制水分公司2025年8月监控设备类物资采购申请清单"]
["编号:设备管理二部呈批(2025)XXX号",{"$nulls":5},"申购日期：2025年7月X日"]
["序号","物品名称","规格/型号","单位","数量","估算单价（元）","估算总金额（元）","备注","联系人及联系方式"]
["设备管理一部（第四水厂）",null,"收货地址：东莞市石碣镇鹤田厦村富田路第四水厂，收货人：黎丽娟 13650105268，熊碧霞 13415856663"]
[1,{"$nulls":5},{"v":0,"d":"¥0.00"}]
[2,{"$nulls":5},{"v":0,"d":"¥0.00"}]
[3,{"$nulls":5},{"v":0,"d":"¥0.00"}]
[null,"小计",{"$nulls":4},{"v":0,"d":"¥0.00"}]
["设备管理一部（高埗水厂）",null,"收货地址：东莞市高埗镇沿江南路48号高埗水厂，收货人：廖树标 13712523481"]
[1,{"$nulls":5},{"v":0,"d":"¥0.00"}]
[2,{"$nulls":5},{"v":0,"d":"¥0.00"}]
[3,{"$nulls":5},{"v":0,"d":"¥0.00"}]
[null,"小计",{"$nulls":4},{"v":0,"d":"¥0.00"}]
["设备管理一部（万江水厂）",null,"收货地址：东莞市万江区万龙路191号万江水厂，收货人：杨伟强 15916738349，何汉能 13650220888"]
[1,{"$nulls":5},{"v":0,"d":"¥0.00"}]
[2,{"$nulls":5},{"v":0,"d":"¥0.00"}]
[3,{"$nulls":5},{"v":0,"d":"¥0.00"}]
[null,"小计",{"$nulls":4},{"v":0,"d":"¥0.00"}]
["设备管理一部（中堂水厂）",null,"收货地址：东莞市中堂镇滨江大道3号中堂水厂，收货人：赖远鑫 13713383382，李继成 13556793939"]
[1,{"$nulls":5},{"v":0,"d":"¥0.00"}]
[2,{"$nulls":5},{"v":0,"d":"¥0.00"}]
[3,{"$nulls":5},{"v":0,"d":"¥0.00"}]
[null,"小计",{"$nulls":4},{"v":0,"d":"¥0.00"}]
["设备管理一部（石碣水厂）",null,"收货地址：东莞市石碣镇同德路石碣水厂，收货人：何国栋 13377788395，袁惠成 13423235223"]
[1,{"$nulls":5},{"v":0,"d":"¥0.00"}]
[2,{"$nulls":5},{"v":0,"d":"¥0.00"}]
[3,{"$nulls":5},{"v":0,"d":"¥0.00"}]
[null,"小计",{"$nulls":4},{"v":0,"d":"¥0.00"}]
["设备管理二部（第三水厂）",null,"收货地址：东莞市东城樟村桂塘路12号，收货人：欧阳丹 13713099246"]
[1,{"$nulls":5},{"v":0,"d":"¥0.00"}]
[2,{"$nulls":5},{"v":0,"d":"¥0.00"}]
[3,{"$nulls":5},{"v":0,"d":"¥0.00"}]
[null,"小计",{"$nulls":4},{"v":0,"d":"¥0.00"}]
["设备管理二部（第六水厂）",null,"收货地址：东莞市东城街道莞龙路东城段21号，收货人：钟巧欢 13790666516，徐立安  13556769268"]
[1,{"$nulls":5},{"v":0,"d":"¥0.00"}]
[2,{"$nulls":5},{"v":0,"d":"¥0.00"}]
[3,{"$nulls":5},{"v":0,"d":"¥0.00"}]
[null,"小计",{"$nulls":4},{"v":0,"d":"¥0.00"}]
["设备管理二部（东城水厂）",null,"收货地址：东莞市东城下桥银岭街9号东城水厂，收货人：谢桂玲  13652639443，祁灼均 13546995678"]
[1,{"$nulls":5},{"v":0,"d":"¥0.00"}]
[2,{"$nulls":5},{"v":0,"d":"¥0.00"}]
[3,{"$nulls":5},{"v":0,"d":"¥0.00"}]
[null,"小计",{"$nulls":4},{"v":0,"d":"¥0.00"}]
["设备管理二部（石龙黄洲水厂）",null,"收货地址：东莞市石龙镇黄洲水源路6号黄洲水厂，收货人：刘月儒 15916936669，叶润珍 13326895152"]
[1,{"$nulls":5},{"v":0,"d":"¥0.00"}]
[2,{"$nulls":5},{"v":0,"d":"¥0.00"}]
[3,{"$nulls":5},{"v":0,"d":"¥0.00"}]
[null,"小计",{"$nulls":4},{"v":0,"d":"¥0.00"}]
["设备管理二部（石龙西湖水厂）",null,"收货地址：东莞市石龙镇西湖东路111号石龙西湖水厂，收货人：杨佩雯 13480449430，吴文烽 13825757818"]
[1,{"$nulls":5},{"v":0,"d":"¥0.00"}]
[2,{"$nulls":5},{"v":0,"d":"¥0.00"}]
[3,{"$nulls":5},{"v":0,"d":"¥0.00"}]
[null,"小计",{"$nulls":4},{"v":0,"d":"¥0.00"}]
["设备管理三部（第五水厂）",null,"收货地址：东莞市企石镇杨屋村新兴路33号第五水厂，收货人：林清文 13532690033，缪小英 13622678068"]
[1,{"$nulls":5},{"v":0,"d":"¥0.00"}]
[2,{"$nulls":5},{"v":0,"d":"¥0.00"}]
[3,{"$nulls":5},{"v":0,"d":"¥0.00"}]
[null,"小计",{"$nulls":4},{"v":0,"d":"¥0.00"}]
["设备管理三部（石排水厂）",null,"收货地址：东莞市石排镇东江大道石排段52号石排水厂，收货人：赖微珊 19928155511，邓闰傍 13532976833"]
[1,{"$nulls":5},{"v":0,"d":"¥0.00"}]
[2,{"$nulls":5},{"v":0,"d":"¥0.00"}]
[3,{"$nulls":5},{"v":0,"d":"¥0.00"}]
[null,"小计",{"$nulls":4},{"v":0,"d":"¥0.00"}]
["设备管理三部（企石水厂）",null,"收货地址：东莞市企石镇黄大仙路56号企石水厂，收货人：朱锐文 15989675266，刘锐谦 15816842146"]
[1,{"$nulls":5},{"v":0,"d":"¥0.00"}]
[2,{"$nulls":5},{"v":0,"d":"¥0.00"}]
[3,{"$nulls":5},{"v":0,"d":"¥0.00"}]
[null,"小计",{"$nulls":4},{"v":0,"d":"¥0.00"}]
["设备管理三部（桥头第二水厂）",null,"收货地址：东莞市桥头镇中兴路403号桥头第二水厂，收货人：莫仲琪 13902698481，钟汉强 13509849329"]
[1,{"$nulls":5},{"v":0,"d":"¥0.00"}]
[2,{"$nulls":5},{"v":0,"d":"¥0.00"}]
[3,{"$nulls":5},{"v":0,"d":"¥0.00"}]
[null,"小计",{"$nulls":4},{"v":0,"d":"¥0.00"}]
["设备管理三部（桥头第三水厂）",null,"收货地址：东莞市桥头镇东江村木棉路桥头第三水厂，收货人：莫浩祥 13532516168，罗国林 18922994622"]
[1,{"$nulls":5},{"v":0,"d":"¥0.00"}]
[2,{"$nulls":5},{"v":0,"d":"¥0.00"}]
[3,{"$nulls":5},{"v":0,"d":"¥0.00"}]
[null,"小计",{"$nulls":4},{"v":0,"d":"¥0.00"}]
["设备管理三部（横沥水厂）",null,"收货地址：东莞市横沥镇横沥东环路260号横沥水厂，收货人：黄汉桃 13711832138"]
[1,{"$nulls":5},{"v":0,"d":"¥0.00"}]
[2,{"$nulls":5},{"v":0,"d":"¥0.00"}]
[3,{"$nulls":5},{"v":0,"d":"¥0.00"}]
[null,"小计",{"$nulls":4},{"v":0,"d":"¥0.00"}]
["设备管理四部（黄江水厂）",null,"收货地址：东莞市黄江镇黄牛埔村强健街2号黄江水厂，收货人：黄健维 13129425636，王建华 13580904047"]
[1,{"$nulls":5},{"v":0,"d":"¥0.00"}]
[2,{"$nulls":5},{"v":0,"d":"¥0.00"}]
[3,{"$nulls":5},{"v":0,"d":"¥0.00"}]
[null,"小计",{"$nulls":4},{"v":0,"d":"¥0.00"}]
["设备管理四部（樟木头簕竹排水厂）",null,"收货地址：东莞市樟木头镇滨河路45号簕竹排水厂，收货人：刘子军 13790218277，黄汉明 18825897855"]
[1,{"$nulls":5},{"v":0,"d":"¥0.00"}]
[2,{"$nulls":5},{"v":0,"d":"¥0.00"}]
[3,{"$nulls":5},{"v":0,"d":"¥0.00"}]
[null,"小计",{"$nulls":4},{"v":0,"d":"¥0.00"}]
["设备管理四部（谢岗第二水厂）",null,"收货地址：东莞市谢岗镇南面石鼓水库路22号谢岗第二水厂，收货人：林嘉兴 13268555430，张李红 13128071061"]
[1,{"$nulls":5},{"v":0,"d":"¥0.00"}]
[2,{"$nulls":5},{"v":0,"d":"¥0.00"}]
[3,{"$nulls":5},{"v":0,"d":"¥0.00"}]
[null,"小计",{"$nulls":4},{"v":0,"d":"¥0.00"}]
["设备管理四部（谢岗第三水厂）",null,"收货地址：东莞市谢岗镇曹乐工业一路15号101室供水公司，收货人：朱树明 13713366089，刘晓彬 13926867866"]
[1,{"$nulls":5},{"v":0,"d":"¥0.00"}]
[2,{"$nulls":5},{"v":0,"d":"¥0.00"}]
[3,{"$nulls":5},{"v":0,"d":"¥0.00"}]
[null,"小计",{"$nulls":4},{"v":0,"d":"¥0.00"}]
["设备管理四部（塘厦牛眠埔水厂）",null,"收货地址：东莞市塘厦镇牛眠埔新围路牛眠埔水厂，收货人：黄颖璋 13713362502，罗亮开 13729993310"]
[1,{"$nulls":5},{"v":0,"d":"¥0.00"}]
[2,{"$nulls":5},{"v":0,"d":"¥0.00"}]
[3,{"$nulls":5},{"v":0,"d":"¥0.00"}]
[null,"小计",{"$nulls":4},{"v":0,"d":"¥0.00"}]
["设备管理五部（塘厦中心水厂）",null,"收货地址：东莞市塘厦镇东深一路8号塘厦中心水厂，收货人：赵凤兰 15817660678，赵美玲 136252547593"]
[1,{"$nulls":5},{"v":0,"d":"¥0.00"}]
[2,{"$nulls":5},{"v":0,"d":"¥0.00"}]
[3,{"$nulls":5},{"v":0,"d":"¥0.00"}]
[null,"小计",{"$nulls":4},{"v":0,"d":"¥0.00"}]
["设备管理五部（塘厦凤凰水厂）",null,"收货地址：东莞市塘厦镇凤凰社区凤清路65号塘厦凤凰水厂，收货人：黄礼文 13686099284"]
[1,{"$nulls":5},{"v":0,"d":"¥0.00"}]
[2,{"$nulls":5},{"v":0,"d":"¥0.00"}]
[3,{"$nulls":5},{"v":0,"d":"¥0.00"}]
[null,"小计",{"$nulls":4},{"v":0,"d":"¥0.00"}]
["设备管理五部（塘厦虾公岩水厂）",null,"收货地址：东莞市塘厦镇大坪社区四黎南路170-1塘厦虾公岩水厂，收货人：陈凤珍 15917721836，罗银妹 13392348369"]
[1,{"$nulls":5},{"v":0,"d":"¥0.00"}]
[2,{"$nulls":5},{"v":0,"d":"¥0.00"}]
[3,{"$nulls":5},{"v":0,"d":"¥0.00"}]
[null,"小计",{"$nulls":4},{"v":0,"d":"¥0.00"}]
["设备管理五部（凤岗第一水厂）",null,"收货地址：东莞市凤岗镇花果山二巷13号，收货人：张思雅 15322863540，张玉金 13798879957"]
[1,{"$nulls":5},{"v":0,"d":"¥0.00"}]
[2,{"$nulls":5},{"v":0,"d":"¥0.00"}]
[3,{"$nulls":5},{"v":0,"d":"¥0.00"}]
[null,"小计",{"$nulls":4},{"v":0,"d":"¥0.00"}]
["设备管理五部（凤岗第二水厂）",null,"收货地址：东莞市凤岗镇沙岭抽水站路8号，收货人：黄凯迪 13544779297，吕换清 13412350778"]
[1,{"$nulls":5},{"v":0,"d":"¥0.00"}]
[2,{"$nulls":5},{"v":0,"d":"¥0.00"}]
[3,{"$nulls":5},{"v":0,"d":"¥0.00"}]
[null,"小计",{"$nulls":4},{"v":0,"d":"¥0.00"}]
["设备管理六部（长湖水厂）",null,"收货地址：东莞市大岭山镇水朗村大岭山大道592号，收货人：汤青如 13728443754，黎锦辉 13652522995"]
[1,{"$nulls":5},{"v":0,"d":"¥0.00"}]
[2,{"$nulls":5},{"v":0,"d":"¥0.00"}]
[3,{"$nulls":5},{"v":0,"d":"¥0.00"}]
[null,"小计",{"$nulls":4},{"v":0,"d":"¥0.00"}]
["设备管理六部（松山湖水厂）",null,"收货地址：东莞市环湖路与南山路交叉口西北320米，收货人：陆嘉仪 13538640388，袁庆全 13922522636"]
[1,{"$nulls":5},{"v":0,"d":"¥0.00"}]
[2,{"$nulls":5},{"v":0,"d":"¥0.00"}]
[3,{"$nulls":5},{"v":0,"d":"¥0.00"}]
[null,"小计",{"$nulls":4},{"v":0,"d":"¥0.00"}]
["设备管理六部（芦花坑水厂）",null,"收货地址：东莞市虎门镇居岐路99号，收货人：周志恒 13728427322"]
[1,{"$nulls":5},{"v":0,"d":"¥0.00"}]
[2,{"$nulls":5},{"v":0,"d":"¥0.00"}]
[3,{"$nulls":5},{"v":0,"d":"¥0.00"}]
[null,"小计",{"$nulls":4},{"v":0,"d":"¥0.00"}]
[null,"合计",{"$nulls":4},{"v":0,"d":"¥0.00"}]

{"sheet":"低压电气设备类","index":7,"n_rows":73,"n_cols":9,"rows_kept":73,"merged":[[0,0,0,8]],"flags":["formulas_cached_only"]}
["东莞市水务环境投资控股集团供水有限公司制水分公司加工类、非协议供货维修工具及耗材类\n物资采购项目清单及预算表"]
["序号","物品名称","规格/型号","单位","数量","估算单价\n（元）","估算总金额（元）","备注","参考照片"]
[1,"单芯工业插头","400A公插头，黄色，防护等级：IP44，接线范围：50-95mm²，电压：AC 600V/DC 250V，电流：400A。总长约：184mm，插口：长约35mm、直径约38mm。","个",10,{"v":80,"d":"¥80.00"},{"v":800,"d":"¥800.00"},"/","/"]
[2,"单芯工业插头","400A公插头，绿色，防护等级：IP44，接线范围：50-95mm²，电压：AC 600V/DC 250V，电流：400A。总长约：184mm，插口：长约35mm、直径约38mm。","个",10,{"v":80,"d":"¥80.00"},{"v":800,"d":"¥800.00"},"/","/"]
[3,"单芯工业插头","400A公插头，红色，防护等级：IP44，接线范围：50-95mm²，电压：AC 600V/DC 250V，电流：400A。总长约：184mm，插口：长约35mm、直径约38mm。","个",10,{"v":80,"d":"¥80.00"},{"v":800,"d":"¥800.00"},"/","/"]
[4,"单芯工业插头","400A公插头，蓝色，防护等级：IP44，接线范围：50-95mm²，电压：AC 600V/DC 250V，电流：400A。总长约：184mm，插口：长约35mm、直径约38mm。","个",10,{"v":80,"d":"¥80.00"},{"v":800,"d":"¥800.00"},"/","/"]
[5,"单芯工业插头","400A母插头，黄色，防护等级：IP44，接线范围：50-95mm²，电压：AC 600V/DC 250V，电流：400A。总长约：186mm，插口：长约35mm、直径约32mm。","个",10,{"v":80,"d":"¥80.00"},{"v":800,"d":"¥800.00"},"/","/"]
[6,"单芯工业插头","400A母插头，绿色，防护等级：IP44，接线范围：50-95mm²，电压：AC 600V/DC 250V，电流：400A。总长约：186mm，插口：长约35mm、直径约32mm。","个",10,{"v":80,"d":"¥80.00"},{"v":800,"d":"¥800.00"},"/","/"]
[7,"单芯工业插头","400A母插头，红色，防护等级：IP44，接线范围：50-95mm²，电压：AC 600V/DC 250V，电流：400A。总长约：186mm，插口：长约35mm、直径约32mm。","个",10,{"v":80,"d":"¥80.00"},{"v":800,"d":"¥800.00"},"/","/"]
[8,"单芯工业插头","400A母插头，蓝色，防护等级：IP44，接线范围：50-95mm²，电压：AC 600V/DC 250V，电流：400A。总长约：186mm，插口：长约35mm、直径约32mm。","个",10,{"v":80,"d":"¥80.00"},{"v":800,"d":"¥800.00"},"/","/"]
[9,"铜芯电缆","YC橡套软电缆，1×95mm²，电压等级：450/750V，国标。","米",400,{"v":120,"d":"¥120.00"},{"v":48000,"d":"¥48,000.00"},"/","/"]
[10,"蓄电池充电器","输入电压：AC220V，功率：400W，输出电压电流：DC12V-20A、DC24V-15A，适用于12V阀控式密封铅酸蓄电池，带中文液晶显示屏，带鳄鱼夹线，带反接保护、短路保护、过流保护、过热保护、手动自动功能。","台",1,{"v":210,"d":"¥210.00"},{"v":210,"d":"¥210.00"},"/","/"]
[11,"铜芯电缆","交联聚乙烯绝缘铜芯电力电缆，规格：4×4+1×2.5mm2，额定交流电压：0.6/1kV，100m/卷，执行标准GB/T19666-2019、GB/T12706.1-2020，配电缆盘。","米",100,{"v":12.5,"d":"¥12.50"},{"v":1250,"d":"¥1,250.00"},"/","/"]
[12,"MPP电力管","材质：聚丙烯，直径：110mm，管壁厚度：6mm，6m/条。","米",18,{"v":26,"d":"¥26.00"},{"v":468,"d":"¥468.00"},"/","/"]
[13,"减振连接胶","材质：聚氨酯牛筋，型号：T80、外径80mm，T型六角，适用于FSR-100自吸泵用","个",20,{"v":25,"d":"¥25.00"},{"v":500,"d":"¥500.00"},"/","/"]
[14,"多功能工作灯","主灯：600流明，五档调节；侧灯580流明，四档调节；内置电池>6000mAh；带磁吸，双挂钩；配充电线，充电头。","套",2,{"v":200,"d":"¥200.00"},{"v":400,"d":"¥400.00"},"/","/"]
[15,"月牙扳手","高碳钢，180-200,总长度约400mm,手柄长约240mm,开口宽度约145mm,厚度约15.5mm。","把",2,{"v":60,"d":"¥60.00"},{"v":120,"d":"¥120.00"},"/","/"]
[16,"瓷嘴","陶瓷，4号，高度47mm,外径11.2mm,内径6.5mm。","个",4,{"v":15,"d":"¥15.00"},{"v":60,"d":"¥60.00"},"/","/"]
[17,"钨针","氩弧焊用，1.6*150，适用于不锈钢，碳钢，铁，红头。","支",10,{"v":3,"d":"¥3.00"},{"v":30,"d":"¥30.00"},"/","/"]
[18,"万用宝","外形尺寸508*285mm,无刷电机，6档调速，电压12伏，空载往复速率5000-20000次/分钟，调速档位6档手握直径162mm,磁吸单螺丝固定，AIZ 32 APB锯片*1条，用于木材、塑料及软质金属切割，ACZ 85 EB扇形锯片*1条，用于木材、塑料及软质金属切割，AVG G砂盘*1个，砂纸： 80目x2张，120目x1张，240目x1张。配1充电器及1电池。","套",1,{"v":1800,"d":"¥1,800.00"},{"v":1800,"d":"¥1,800.00"},"/","/"]
[19,"吸尘器电源适配器","充电电压18V,充电电流500mA。","个",1,{"v":90,"d":"¥90.00"},{"v":90,"d":"¥90.00"},"米家无线吸尘器2 Lite专属配件，型号：BLJ15W180050P-CA","/"]
[20,"不锈钢钉墙管卡","不锈钢钉M8×100mm，口径50mm，厚度约1.2mm，单边卡扣十字盘头机螺丝，螺纹链接款。","套",300,{"v":6,"d":"¥6.00"},{"v":1800,"d":"¥1,800.00"},"/","/"]
[21,"钢丝绳","电动葫芦使用，镀锌，19股7丝，直径5mm，长度12m，带防脱吊钩，防撞吊坠","条",2,{"v":80,"d":"¥80.00"},{"v":160,"d":"¥160.00"},"/","/"]
[22,"垫片","304不锈钢，M6，外径12mm，厚1.5mm，","个",200,{"v":0.05,"d":"¥0.05"},{"v":10,"d":"¥10.00"},"/","/"]
[23,"垫片","304不锈钢，M6，外径14mm，厚2mm，","个",100,{"v":0.2,"d":"¥0.20"},{"v":20,"d":"¥20.00"},"/","/"]
[24,"垫片","304不锈钢，M6，外径18mm，厚2mm，","个",100,{"v":0.4,"d":"¥0.40"},{"v":40,"d":"¥40.00"},"/","/"]
[25,"垫片","304不锈钢，M8，外径16mm，厚1.5mm，","个",200,{"v":0.15,"d":"¥0.15"},{"v":30,"d":"¥30.00"},"/","/"]
[26,"垫片","304不锈钢，M8，外径18mm，厚2mm，","个",100,{"v":0.2,"d":"¥0.20"},{"v":20,"d":"¥20.00"},"/","/"]
[27,"垫片","304不锈钢，M8，外径22mm，厚2mm，","个",100,{"v":0.3,"d":"¥0.30"},{"v":30,"d":"¥30.00"},"/","/"]
[28,"垫片","304不锈钢，M10，外径22mm，厚2mm，","个",200,{"v":0.4,"d":"¥0.40"},{"v":80,"d":"¥80.00"},"/","/"]
[29,"垫片","304不锈钢，M10，外径30mm，厚2mm，","个",100,{"v":0.4,"d":"¥0.40"},{"v":40,"d":"¥40.00"},"/","/"]
[30,"垫片","304不锈钢，M12，外径24mm，厚2mm，","个",100,{"v":0.25,"d":"¥0.25"},{"v":25,"d":"¥25.00"},"/","/"]
[31,"垫片","304不锈钢，M12，外径30mm，厚2mm，","个",100,{"v":0.55,"d":"¥0.55"},{"v":55.00000000000001,"d":"¥55.00"},"/","/"]
[32,"垫片","304不锈钢，M14，外径36mm，厚2.5mm，","个",100,{"v":1.8,"d":"¥1.80"},{"v":180,"d":"¥180.00"},"/","/"]
[33,"带漏电保护插座","AC220V，16A，三孔，漏电动作电流≤30mA，动作时间≤0.1秒，带待复位和试验按钮。","个",3,{"v":25,"d":"¥25.00"},{"v":75,"d":"¥75.00"},"/","/"]
[34,"门禁开关","304不锈钢材质，86型，固定孔距60mm，室外防水用，触点灌胶防水，按钮形式：大蘑菇头，自复位，自带常开/常闭两组接线。","个",2,{"v":20,"d":"¥20.00"},{"v":40,"d":"¥40.00"},"/","/"]
[35,"减压器总成","正压式空气呼吸器使用，包含减压器、安全阀、警报器、中压管、高压管、压力表","套",1,{"v":300,"d":"¥300.00"},{"v":300,"d":"¥300.00"},"/","/"]
[36,"高压清洗机","额定功率：3.7kW，纯铜四级电机，纯铜增压泵，可连续运行时间：不小于8小时，电源线芯不小于2.5mm2，最大压力大于等于20Mpa，高压陶瓷阀芯水枪（可长短两用），52cm不锈钢延长杆，3米耐高压进水管，15米防爆钢丝出水管，4种口径替换喷嘴，过滤网，进出水铜快接一套，漏电保护插头，防水等级IPX5，可视压力表，可调压力阀，智能启停开关（带过热保护、过载保护、漏电保护），全自动启停：关枪停机，带卷轴式绕线盘，机油观察窗，推车式，符合3C标准","台",1,{"v":3900,"d":"¥3,900.00"},{"v":3900,"d":"¥3,900.00"},"参考品牌：上海黑猫，卡赫，绿田","/"]
[37,"锥形软木塞","材质：木质，上端直径20mm，下端直径15mm，高度30mm","个",20,{"v":2.5,"d":"¥2.50"},{"v":50,"d":"¥50.00"},"/","/"]
[38,"锥形软木塞","材质：木质，上端直径18mm，下端直径13mm，高度约20mm","个",20,{"v":2,"d":"¥2.00"},{"v":40,"d":"¥40.00"},"/","/"]
[39,"伸缩绝缘围栏","高1.2m，长2.5m，材质：玻璃钢环氧树脂，颜色：红白相间，可移动，带滑轮。","个",8,{"v":150,"d":"¥150.00"},{"v":1200,"d":"¥1,200.00"},"/","/"]
[40,"三层绝缘凳","材质：玻璃钢，适用电压：10kV，尺寸：高1200mm*宽500mm*长900mm，共三层，凳面绝缘防滑材质，带便携移动轮。","张",8,{"v":750,"d":"¥750.00"},{"v":6000,"d":"¥6,000.00"},"/","/"]
[41,"混凝土开槽机","电压：220V；开槽机一次成型；切割规格：133*20mm","台",1,{"v":700,"d":"¥700.00"},{"v":700,"d":"¥700.00"},"/","/"]
[42,"卡簧钳","18寸，直头内卡，材质：高碳钢","把",1,{"v":120,"d":"¥120.00"},{"v":120,"d":"¥120.00"},"/","/"]
[43,"防火泥","20KG/箱","箱",2,{"v":120,"d":"¥120.00"},{"v":240,"d":"¥240.00"},"/","/"]
[44,"工业吸尘器","电压：220-240VAC；功率：2200-2600W；吸力（真空度）：27kpa；吸头数量：3个或以上（至少含有一个扁嘴吸头）；电源线长5米或以上；吸管长度2米或以上。","个",2,{"v":360,"d":"¥360.00"},{"v":720,"d":"¥720.00"},"/","/"]
[45,"护栏防护网","材质：铁丝，6mm线粗，孔约50*100mm，表层浸塑，每块长3000mm*高2000mm,绿色，每2块之间安装立柱，立柱固定基础约400*400*500mm，立柱尺寸约(60*60*2000*3)mm。","米",240,{"v":170,"d":"¥170.00"},{"v":40800,"d":"¥40,800.00"},"包安装"]
[46,"防雨罩","材质：304不锈钢，板材厚度2mm，尺寸：顶部尺寸约：长*宽=1000mm*400mm，两侧尺寸约：宽*长=200mm*300mm，背面尺寸约：1000mm*100mm，背面开孔直径约：11mm（共3个）。","个",1,{"v":500,"d":"¥500.00"},{"v":500,"d":"¥500.00"},"样式如图","=DISPIMG(\"ID_F7E0A9B192844DE899D890FC0B47F57E\",1)"]
[47,"遮雨棚","材质：304不锈钢，厚度：不少于3mm，框架用方管，高度：500mm，并固定在外墙上，面板尺寸：1000mm*1000mm*3mm。","个",1,{"v":2000,"d":"¥2,000.00"},{"v":2000,"d":"¥2,000.00"},"包安装，详见图片","=DISPIMG(\"ID_57134F4EB0E8494FA58E87853EE25E72\",1)"]
[48,"水泵填料处滴漏槽防护罩","材质：304不锈钢；采用板材或圆管制作；板材厚度不少于3mm；圆管直径不少于15mm，厚度不少于0.5mm；外观形状：半圆形；带有安装定位装置和巡查观察视窗，顶部装有提手，半圆形形变率不得大于2%；需按照现场水泵滴漏槽尺寸定制，防护罩展开尺寸：约60cmX5cm","个",6,{"v":120,"d":"¥120.00"},{"v":720,"d":"¥720.00"},"/","/"]
[49,"水泵填料处滴漏槽防护罩","材质：304不锈钢；采用板材或圆管制作；板材厚度不少于3mm；圆管直径不少于15mm，厚度不少于0.5mm；外观形状：半圆形；带有安装定位装置和巡查观察视窗，顶部装有提手，半圆形形变率不得大于2%；需按照现场水泵滴漏槽尺寸定制，防护罩展开尺寸：约100cmX10cm","个",12,{"v":400,"d":"¥400.00"},{"v":4800,"d":"¥4,800.00"},"/","/"]
[50,"水泵填料处滴漏槽防护罩","材质：304不锈钢；采用板材或圆管制作；板材厚度不少于3mm；圆管直径不少于15mm，厚度不少于0.5mm；外观形状：半圆形；带有安装定位装置和巡查观察视窗，顶部装有提手，半圆形形变率不得大于2%；需按照现场水泵滴漏槽尺寸定制，防护罩展开尺寸：约90cmX10cm","个",4,{"v":360,"d":"¥360.00"},{"v":1440,"d":"¥1,440.00"},"/","/"]
[51,"水泵填料处滴漏槽防护罩","材质：304不锈钢；采用板材或圆管制作；板材厚度不少于3mm；圆管直径不少于15mm，厚度不少于0.5mm；外观形状：半圆形；带有安装定位装置和巡查观察视窗，顶部装有提手，半圆形形变率不得大于2%；需按照现场水泵滴漏槽尺寸定制，防护罩展开尺寸：约100cmX15cm","个",4,{"v":500,"d":"¥500.00"},{"v":2000,"d":"¥2,000.00"},"/","/"]
[52,"水泵填料处滴漏槽防护罩","材质：304不锈钢；采用板材或圆管制作；板材厚度不少于3mm；圆管直径不少于15mm，厚度不少于0.5mm；外观形状：半圆形；带有安装定位装置和巡查观察视窗，顶部装有提手，半圆形形变率不得大于2%；需按照现场水泵滴漏槽尺寸定制，防护罩展开尺寸：约55cmX10cm","个",14,{"v":200,"d":"¥200.00"},{"v":2800,"d":"¥2,800.00"},"/","/"]
[53,"水泵填料处滴漏槽防护罩","材质：304不锈钢；采用板材或圆管制作；板材厚度不少于3mm；圆管直径不少于15mm，厚度不少于0.5mm；外观形状：半圆形；带有安装定位装置和巡查观察视窗，顶部装有提手，半圆形形变率不得大于2%；需按照现场水泵滴漏槽尺寸定制，防护罩展开尺寸：约80cmX15cm","个",4,{"v":450,"d":"¥450.00"},{"v":1800,"d":"¥1,800.00"},"/","/"]
[54,"水泵填料处滴漏槽防护罩","材质：304不锈钢；采用板材或圆管制作；板材厚度不少于3mm；圆管直径不少于15mm，厚度不少于0.5mm；外观形状：半圆形；带有安装定位装置和巡查观察视窗，顶部装有提手，半圆形形变率不得大于2%；需按照现场水泵滴漏槽尺寸定制，防护罩展开尺寸：约80cmX12cm","个",2,{"v":350,"d":"¥350.00"},{"v":700,"d":"¥700.00"},"/","/"]
[55,"水泵填料处滴漏槽防护罩","材质：304不锈钢；采用板材或圆管制作；板材厚度不少于3mm；圆管直径不少于15mm，厚度不少于0.5mm；外观形状：半圆形；带有安装定位装置和巡查观察视窗，顶部装有提手，半圆形形变率不得大于2%；需按照现场水泵滴漏槽尺寸定制，防护罩展开尺寸：约78cmX15cm","个",6,{"v":400,"d":"¥400.00"},{"v":2400,"d":"¥2,400.00"},"/","/"]
[56,"水泵填料处滴漏槽防护罩","材质：304不锈钢；采用板材或圆管制作；板材厚度不少于3mm；圆管直径不少于15mm，厚度不少于0.5mm；外观形状：半圆形；带有安装定位装置和巡查观察视窗，顶部装有提手，半圆形形变率不得大于2%；需按照现场水泵滴漏槽尺寸定制，防护罩展开尺寸：约68cmX9cm","个",4,{"v":220,"d":"¥220.00"},{"v":880,"d":"¥880.00"},"/","/"]
[57,"水泵填料处滴漏槽防护罩","材质：304不锈钢；采用板材或圆管制作；板材厚度不少于3mm；圆管直径不少于15mm，厚度不少于0.5mm；外观形状：半圆形；带有安装定位装置和巡查观察视窗，顶部装有提手，半圆形形变率不得大于2%；需按照现场水泵滴漏槽尺寸定制，防护罩展开尺寸：约52cm×9cm","个",5,{"v":190,"d":"¥190.00"},{"v":950,"d":"¥950.00"},"/","/"]
[58,"水泵填料处滴漏槽防护罩","材质：304不锈钢；采用板材或圆管制作；板材厚度不少于3mm；圆管直径不少于15mm，厚度不少于0.5mm；外观形状：半圆形；带有安装定位装置和巡查观察视窗，顶部装有提手，半圆形形变率不得大于2%；需按照现场水泵滴漏槽尺寸定制，防护罩展开尺寸：约42cm×12cm","个",4,{"v":200,"d":"¥200.00"},{"v":800,"d":"¥800.00"},"/","/"]
[59,"水泵填料处滴漏槽防护罩","材质：304不锈钢；采用板材或圆管制作；板材厚度不少于3mm；圆管直径不少于15mm，厚度不少于0.5mm；外观形状：半圆形；带有安装定位装置和巡查观察视窗，顶部装有提手，半圆形形变率不得大于2%；需按照现场水泵滴漏槽尺寸定制，防护罩展开尺寸：约29cm×6cm","个",3,{"v":75,"d":"¥75.00"},{"v":225,"d":"¥225.00"},"/","/"]
[60,"水泵填料处滴漏槽防护罩","材质：304不锈钢；采用板材或圆管制作；板材厚度不少于3mm；圆管直径不少于15mm，厚度不少于0.5mm；外观形状：半圆形；带有安装定位装置和巡查观察视窗，顶部装有提手，半圆形形变率不得大于2%；需按照现场水泵滴漏槽尺寸定制，防护罩展开尺寸：约43cm×13cm","个",2,{"v":225,"d":"¥225.00"},{"v":450,"d":"¥450.00"},"/","/"]
[61,"水泵填料处滴漏槽防护罩","材质：304不锈钢；采用板材或圆管制作；板材厚度不少于3mm；圆管直径不少于15mm，厚度不少于0.5mm；外观形状：半圆形；带有安装定位装置和巡查观察视窗，顶部装有提手，半圆形形变率不得大于2%；需按照现场水泵滴漏槽尺寸定制，防护罩展开尺寸：约40cm×15cm","个",3,{"v":240,"d":"¥240.00"},{"v":720,"d":"¥720.00"},"/","/"]
[62,"水泵填料处滴漏槽防护罩","材质：304不锈钢；采用板材或圆管制作；板材厚度不少于3mm；圆管直径不少于15mm，厚度不少于0.5mm；外观形状：半圆形；带有安装定位装置和巡查观察视窗，顶部装有提手，半圆形形变率不得大于2%；需按照现场水泵滴漏槽尺寸定制，防护罩展开尺寸：约36cm×11cm","个",1,{"v":160,"d":"¥160.00"},{"v":160,"d":"¥160.00"},"/","/"]
[63,"水泵填料处滴漏槽防护罩","材质：304不锈钢；采用板材或圆管制作；板材厚度不少于3mm；圆管直径不少于15mm，厚度不少于0.5mm；外观形状：半圆形；带有安装定位装置和巡查观察视窗，顶部装有提手，半圆形形变率不得大于2%；需按照现场水泵滴漏槽尺寸定制，防护罩展开尺寸：约49cm×11cm","个",1,{"v":220,"d":"¥220.00"},{"v":220,"d":"¥220.00"},"/","/"]
[64,"连轴器挡板盖","材质：304不锈钢，厚度3mm，上弯约19cm，中弯约21cm,下弯度距离约23cm,宽度约25cm，高度约：36cm，需现场看样定制，包安装。","个",1,{"v":800,"d":"¥800.00"},{"v":800,"d":"¥800.00"},"/","/"]
[65,"配电柜后板","后板尺寸约：800mm×400mm，材质：铝，面，百页窗式风口，需现场看样定制，包安装。","个",5,{"v":500,"d":"¥500.00"},{"v":2500,"d":"¥2,500.00"},"样式如图","=DISPIMG(\"ID_C0580B03F35C412F8EE4092833426620\",1)"]
[66,"不锈钢角铁支架","长边1.2m；短边0.53m；带斜边固定；短边位于长边中央；长边两端带有固定螺丝孔位","个",2,{"v":100,"d":"¥100.00"},{"v":200,"d":"¥200.00"},"/","/"]
[67,"不锈钢角铁支架","长边15cm；短边20cm；两边带有固定螺丝孔位","个",5,{"v":20,"d":"¥20.00"},{"v":100,"d":"¥100.00"},"/","/"]
[68,"药桶防爆箍","材质：304不锈钢；宽度：8cm；桶周长7.45m；配套锁紧螺丝","个",4,{"v":250,"d":"¥250.00"},{"v":1000,"d":"¥1,000.00"},"/","/"]
[69,"药桶防爆箍","材质：304不锈钢；宽度：8cm；桶周长7.3m；配套锁紧螺丝","个",8,{"v":250,"d":"¥250.00"},{"v":2000,"d":"¥2,000.00"},"/","/"]
[70,"储物柜","材质：冷轧钢，厚度1.5mm，双开门，三层，配备扣锁，外型尺寸：长*宽*高=2000mm*500mm*1800mm，承重200KG/层","个",2,{"v":3000,"d":"¥3,000.00"},{"v":6000,"d":"¥6,000.00"},"/","/"]
[null,"合计",{"$nulls":4},{"v":152168,"d":"¥152,168.00"}]

{"sheet":"高压电气设备类","index":8,"n_rows":10,"n_cols":9,"rows_kept":10,"hidden":true,"merged":[[0,0,0,8],[1,0,1,5],[1,6,1,8]],"flags":["formulas_cached_only"]}
["东莞市水务集团供水有限公司制水分公司2025年9月高压电气设备类非协议供货物资采购申请清单"]
["编号:设备管理二部呈批(2025)XXX号",{"$nulls":5},"申购日期：2025年8月X日"]
["序号","物品名称","规格/型号","单位","数量","估算单价（元）","估算总金额（元）","备注","联系人及联系方式"]
[]
[]
[]
[]
[]
[]
[null,"合计",{"$nulls":4},{"v":0,"d":"¥0.00"}]

{"sheet":"特种设备类","index":9,"n_rows":149,"n_cols":9,"rows_kept":149,"hidden":true,"merged":[[0,0,0,8],[1,0,1,5],[1,6,1,8],[3,0,3,1],[3,2,3,8],[8,0,8,1],[8,2,8,8],[13,0,13,1],[13,2,13,8],[18,0,18,1],[18,2,18,8],[23,0,23,1],[23,2,23,8],[28,0,28,1],[28,2,28,8],[33,0,33,1],[33,2,33,8],[38,0,38,1],[38,2,38,8],[43,0,43,1],[43,2,43,8],[48,0,48,1],[48,2,48,8],[53,0,53,1],[53,2,53,8],[58,0,58,1],[58,2,58,8],[63,0,63,1],[63,2,63,8],[68,0,68,1],[68,2,68,8],[73,0,73,1],[73,2,73,8],[78,0,78,1],[78,2,78,8],[83,0,83,1],[83,2,83,8],[88,0,88,1],[88,2,88,8],[93,0,93,1],[93,2,93,8],[98,0,98,1],[98,2,98,8],[103,0,103,1],[103,2,103,8],[108,0,108,1],[108,2,108,8],[113,0,113,1],[113,2,113,8],[118,0,118,1],[118,2,118,8],[123,0,123,1],[123,2,123,8],[128,0,128,1],[128,2,128,8],[133,0,133,1],[133,2,133,8],[138,0,138,1],[138,2,138,8],[143,0,143,1],[143,2,143,8]],"flags":["formulas_cached_only"]}
["东莞市水务集团供水有限公司制水分公司2025年8月特种设备类物资采购申请清单"]
["编号:设备管理二部呈批(2025)XXX号",{"$nulls":5},"申购日期：2025年7月X日"]
["序号","物品名称","规格/型号","单位","数量","估算单价（元）","估算总金额（元）","备注","联系人及联系方式"]
["设备管理一部（第四水厂）",null,"收货地址：东莞市石碣镇鹤田厦村富田路第四水厂，收货人：黎丽娟 13650105268，熊碧霞 13415856663"]
[1,{"$nulls":5},{"v":0,"d":"¥0.00"}]
[2,{"$nulls":5},{"v":0,"d":"¥0.00"}]
[3,{"$nulls":5},{"v":0,"d":"¥0.00"}]
[null,"小计",{"$nulls":4},{"v":0,"d":"¥0.00"}]
["设备管理一部（高埗水厂）",null,"收货地址：东莞市高埗镇沿江南路48号高埗水厂，收货人：廖树标 13712523481"]
[1,{"$nulls":5},{"v":0,"d":"¥0.00"}]
[2,{"$nulls":5},{"v":0,"d":"¥0.00"}]
[3,{"$nulls":5},{"v":0,"d":"¥0.00"}]
[null,"小计",{"$nulls":4},{"v":0,"d":"¥0.00"}]
["设备管理一部（万江水厂）",null,"收货地址：东莞市万江区万龙路191号万江水厂，收货人：杨伟强 15916738349，何汉能 13650220888"]
[1,{"$nulls":5},{"v":0,"d":"¥0.00"}]
[2,{"$nulls":5},{"v":0,"d":"¥0.00"}]
[3,{"$nulls":5},{"v":0,"d":"¥0.00"}]
[null,"小计",{"$nulls":4},{"v":0,"d":"¥0.00"}]
["设备管理一部（中堂水厂）",null,"收货地址：东莞市中堂镇滨江大道3号中堂水厂，收货人：赖远鑫 13713383382，李继成 13556793939"]
[1,{"$nulls":5},{"v":0,"d":"¥0.00"}]
[2,{"$nulls":5},{"v":0,"d":"¥0.00"}]
[3,{"$nulls":5},{"v":0,"d":"¥0.00"}]
[null,"小计",{"$nulls":4},{"v":0,"d":"¥0.00"}]
["设备管理一部（石碣水厂）",null,"收货地址：东莞市石碣镇同德路石碣水厂，收货人：何国栋 13377788395，袁惠成 13423235223"]
[1,{"$nulls":5},{"v":0,"d":"¥0.00"}]
[2,{"$nulls":5},{"v":0,"d":"¥0.00"}]
[3,{"$nulls":5},{"v":0,"d":"¥0.00"}]
[null,"小计",{"$nulls":4},{"v":0,"d":"¥0.00"}]
["设备管理二部（第三水厂）",null,"收货地址：东莞市东城樟村桂塘路12号，收货人：欧阳丹 13713099246"]
[1,{"$nulls":5},{"v":0,"d":"¥0.00"}]
[2,{"$nulls":5},{"v":0,"d":"¥0.00"}]
[3,{"$nulls":5},{"v":0,"d":"¥0.00"}]
[null,"小计",{"$nulls":4},{"v":0,"d":"¥0.00"}]
["设备管理二部（第六水厂）",null,"收货地址：东莞市东城街道莞龙路东城段21号，收货人：钟巧欢 13790666516，徐立安  13556769268"]
[1,{"$nulls":5},{"v":0,"d":"¥0.00"}]
[2,{"$nulls":5},{"v":0,"d":"¥0.00"}]
[3,{"$nulls":5},{"v":0,"d":"¥0.00"}]
[null,"小计",{"$nulls":4},{"v":0,"d":"¥0.00"}]
["设备管理二部（东城水厂）",null,"收货地址：东莞市东城下桥银岭街9号东城水厂，收货人：谢桂玲  13652639443，祁灼均 13546995678"]
[1,{"$nulls":5},{"v":0,"d":"¥0.00"}]
[2,{"$nulls":5},{"v":0,"d":"¥0.00"}]
[3,{"$nulls":5},{"v":0,"d":"¥0.00"}]
[null,"小计",{"$nulls":4},{"v":0,"d":"¥0.00"}]
["设备管理二部（石龙黄洲水厂）",null,"收货地址：东莞市石龙镇黄洲水源路6号黄洲水厂，收货人：刘月儒 15916936669，叶润珍 13326895152"]
[1,{"$nulls":5},{"v":0,"d":"¥0.00"}]
[2,{"$nulls":5},{"v":0,"d":"¥0.00"}]
[3,{"$nulls":5},{"v":0,"d":"¥0.00"}]
[null,"小计",{"$nulls":4},{"v":0,"d":"¥0.00"}]
["设备管理二部（石龙西湖水厂）",null,"收货地址：东莞市石龙镇西湖东路111号石龙西湖水厂，收货人：杨佩雯 13480449430，吴文烽 13825757818"]
[1,{"$nulls":5},{"v":0,"d":"¥0.00"}]
[2,{"$nulls":5},{"v":0,"d":"¥0.00"}]
[3,{"$nulls":5},{"v":0,"d":"¥0.00"}]
[null,"小计",{"$nulls":4},{"v":0,"d":"¥0.00"}]
["设备管理三部（第五水厂）",null,"收货地址：东莞市企石镇杨屋村新兴路33号第五水厂，收货人：林清文 13532690033，缪小英 13622678068"]
[1,{"$nulls":5},{"v":0,"d":"¥0.00"}]
[2,{"$nulls":5},{"v":0,"d":"¥0.00"}]
[3,{"$nulls":5},{"v":0,"d":"¥0.00"}]
[null,"小计",{"$nulls":4},{"v":0,"d":"¥0.00"}]
["设备管理三部（石排水厂）",null,"收货地址：东莞市石排镇东江大道石排段52号石排水厂，收货人：赖微珊 19928155511，邓闰傍 13532976833"]
[1,{"$nulls":5},{"v":0,"d":"¥0.00"}]
[2,{"$nulls":5},{"v":0,"d":"¥0.00"}]
[3,{"$nulls":5},{"v":0,"d":"¥0.00"}]
[null,"小计",{"$nulls":4},{"v":0,"d":"¥0.00"}]
["设备管理三部（企石水厂）",null,"收货地址：东莞市企石镇黄大仙路56号企石水厂，收货人：朱锐文 15989675266，刘锐谦 15816842146"]
[1,{"$nulls":5},{"v":0,"d":"¥0.00"}]
[2,{"$nulls":5},{"v":0,"d":"¥0.00"}]
[3,{"$nulls":5},{"v":0,"d":"¥0.00"}]
[null,"小计",{"$nulls":4},{"v":0,"d":"¥0.00"}]
["设备管理三部（桥头第二水厂）",null,"收货地址：东莞市桥头镇中兴路403号桥头第二水厂，收货人：莫仲琪 13902698481，钟汉强 13509849329"]
[1,{"$nulls":5},{"v":0,"d":"¥0.00"}]
[2,{"$nulls":5},{"v":0,"d":"¥0.00"}]
[3,{"$nulls":5},{"v":0,"d":"¥0.00"}]
[null,"小计",{"$nulls":4},{"v":0,"d":"¥0.00"}]
["设备管理三部（桥头第三水厂）",null,"收货地址：东莞市桥头镇东江村木棉路桥头第三水厂，收货人：莫浩祥 13532516168，罗国林 18922994622"]
[1,{"$nulls":5},{"v":0,"d":"¥0.00"}]
[2,{"$nulls":5},{"v":0,"d":"¥0.00"}]
[3,{"$nulls":5},{"v":0,"d":"¥0.00"}]
[null,"小计",{"$nulls":4},{"v":0,"d":"¥0.00"}]
["设备管理三部（横沥水厂）",null,"收货地址：东莞市横沥镇横沥东环路260号横沥水厂，收货人：黄汉桃 13711832138"]
[1,{"$nulls":5},{"v":0,"d":"¥0.00"}]
[2,{"$nulls":5},{"v":0,"d":"¥0.00"}]
[3,{"$nulls":5},{"v":0,"d":"¥0.00"}]
[null,"小计",{"$nulls":4},{"v":0,"d":"¥0.00"}]
["设备管理四部（黄江水厂）",null,"收货地址：东莞市黄江镇黄牛埔村强健街2号黄江水厂，收货人：黄健维 13129425636，王建华 13580904047"]
[1,{"$nulls":5},{"v":0,"d":"¥0.00"}]
[2,{"$nulls":5},{"v":0,"d":"¥0.00"}]
[3,{"$nulls":5},{"v":0,"d":"¥0.00"}]
[null,"小计",{"$nulls":4},{"v":0,"d":"¥0.00"}]
["设备管理四部（樟木头簕竹排水厂）",null,"收货地址：东莞市樟木头镇滨河路45号簕竹排水厂，收货人：刘子军 13790218277，黄汉明 18825897855"]
[1,{"$nulls":5},{"v":0,"d":"¥0.00"}]
[2,{"$nulls":5},{"v":0,"d":"¥0.00"}]
[3,{"$nulls":5},{"v":0,"d":"¥0.00"}]
[null,"小计",{"$nulls":4},{"v":0,"d":"¥0.00"}]
["设备管理四部（谢岗第二水厂）",null,"收货地址：东莞市谢岗镇南面石鼓水库路22号谢岗第二水厂，收货人：林嘉兴 13268555430，张李红 13128071061"]
[1,{"$nulls":5},{"v":0,"d":"¥0.00"}]
[2,{"$nulls":5},{"v":0,"d":"¥0.00"}]
[3,{"$nulls":5},{"v":0,"d":"¥0.00"}]
[null,"小计",{"$nulls":4},{"v":0,"d":"¥0.00"}]
["设备管理四部（谢岗第三水厂）",null,"收货地址：东莞市谢岗镇曹乐工业一路15号101室供水公司，收货人：朱树明 13713366089，刘晓彬 13926867866"]
[1,{"$nulls":5},{"v":0,"d":"¥0.00"}]
[2,{"$nulls":5},{"v":0,"d":"¥0.00"}]
[3,{"$nulls":5},{"v":0,"d":"¥0.00"}]
[null,"小计",{"$nulls":4},{"v":0,"d":"¥0.00"}]
["设备管理四部（塘厦牛眠埔水厂）",null,"收货地址：东莞市塘厦镇牛眠埔新围路牛眠埔水厂，收货人：黄颖璋 13713362502，罗亮开 13729993310"]
[1,{"$nulls":5},{"v":0,"d":"¥0.00"}]
[2,{"$nulls":5},{"v":0,"d":"¥0.00"}]
[3,{"$nulls":5},{"v":0,"d":"¥0.00"}]
[null,"小计",{"$nulls":4},{"v":0,"d":"¥0.00"}]
["设备管理五部（塘厦中心水厂）",null,"收货地址：东莞市塘厦镇东深一路8号塘厦中心水厂，收货人：赵凤兰 15817660678，赵美玲 136252547593"]
[1,{"$nulls":5},{"v":0,"d":"¥0.00"}]
[2,{"$nulls":5},{"v":0,"d":"¥0.00"}]
[3,{"$nulls":5},{"v":0,"d":"¥0.00"}]
[null,"小计",{"$nulls":4},{"v":0,"d":"¥0.00"}]
["设备管理五部（塘厦凤凰水厂）",null,"收货地址：东莞市塘厦镇凤凰社区凤清路65号塘厦凤凰水厂，收货人：黄礼文 13686099284"]
[1,{"$nulls":5},{"v":0,"d":"¥0.00"}]
[2,{"$nulls":5},{"v":0,"d":"¥0.00"}]
[3,{"$nulls":5},{"v":0,"d":"¥0.00"}]
[null,"小计",{"$nulls":4},{"v":0,"d":"¥0.00"}]
["设备管理五部（塘厦虾公岩水厂）",null,"收货地址：东莞市塘厦镇大坪社区四黎南路170-1塘厦虾公岩水厂，收货人：陈凤珍 15917721836，罗银妹 13392348369"]
[1,{"$nulls":5},{"v":0,"d":"¥0.00"}]
[2,{"$nulls":5},{"v":0,"d":"¥0.00"}]
[3,{"$nulls":5},{"v":0,"d":"¥0.00"}]
[null,"小计",{"$nulls":4},{"v":0,"d":"¥0.00"}]
["设备管理五部（凤岗第一水厂）",null,"收货地址：东莞市凤岗镇花果山二巷13号，收货人：张思雅 15322863540，张玉金 13798879957"]
[1,{"$nulls":5},{"v":0,"d":"¥0.00"}]
[2,{"$nulls":5},{"v":0,"d":"¥0.00"}]
[3,{"$nulls":5},{"v":0,"d":"¥0.00"}]
[null,"小计",{"$nulls":4},{"v":0,"d":"¥0.00"}]
["设备管理五部（凤岗第二水厂）",null,"收货地址：东莞市凤岗镇沙岭抽水站路8号，收货人：黄凯迪 13544779297，吕换清 13412350778"]
[1,{"$nulls":5},{"v":0,"d":"¥0.00"}]
[2,{"$nulls":5},{"v":0,"d":"¥0.00"}]
[3,{"$nulls":5},{"v":0,"d":"¥0.00"}]
[null,"小计",{"$nulls":4},{"v":0,"d":"¥0.00"}]
["设备管理六部（长湖水厂）",null,"收货地址：东莞市大岭山镇水朗村大岭山大道592号，收货人：汤青如 13728443754，黎锦辉 13652522995"]
[1,{"$nulls":5},{"v":0,"d":"¥0.00"}]
[2,{"$nulls":5},{"v":0,"d":"¥0.00"}]
[3,{"$nulls":5},{"v":0,"d":"¥0.00"}]
[null,"小计",{"$nulls":4},{"v":0,"d":"¥0.00"}]
["设备管理六部（松山湖水厂）",null,"收货地址：东莞市环湖路与南山路交叉口西北320米，收货人：陆嘉仪 13538640388，袁庆全 13922522636"]
[1,{"$nulls":5},{"v":0,"d":"¥0.00"}]
[2,{"$nulls":5},{"v":0,"d":"¥0.00"}]
[3,{"$nulls":5},{"v":0,"d":"¥0.00"}]
[null,"小计",{"$nulls":4},{"v":0,"d":"¥0.00"}]
["设备管理六部（芦花坑水厂）",null,"收货地址：东莞市虎门镇居岐路99号，收货人：周志恒 13728427322"]
[1,{"$nulls":5},{"v":0,"d":"¥0.00"}]
[2,{"$nulls":5},{"v":0,"d":"¥0.00"}]
[3,{"$nulls":5},{"v":0,"d":"¥0.00"}]
[null,"小计",{"$nulls":4},{"v":0,"d":"¥0.00"}]
[null,"合计",{"$nulls":4},{"v":0,"d":"¥0.00"}]

{"sheet":"油脂类","index":10,"n_rows":149,"n_cols":9,"rows_kept":149,"hidden":true,"merged":[[0,0,0,8],[1,0,1,5],[1,6,1,8],[3,0,3,1],[3,2,3,8],[8,0,8,1],[8,2,8,8],[13,0,13,1],[13,2,13,8],[18,0,18,1],[18,2,18,8],[23,0,23,1],[23,2,23,8],[28,0,28,1],[28,2,28,8],[33,0,33,1],[33,2,33,8],[38,0,38,1],[38,2,38,8],[43,0,43,1],[43,2,43,8],[48,0,48,1],[48,2,48,8],[53,0,53,1],[53,2,53,8],[58,0,58,1],[58,2,58,8],[63,0,63,1],[63,2,63,8],[68,0,68,1],[68,2,68,8],[73,0,73,1],[73,2,73,8],[78,0,78,1],[78,2,78,8],[83,0,83,1],[83,2,83,8],[88,0,88,1],[88,2,88,8],[93,0,93,1],[93,2,93,8],[98,0,98,1],[98,2,98,8],[103,0,103,1],[103,2,103,8],[108,0,108,1],[108,2,108,8],[113,0,113,1],[113,2,113,8],[118,0,118,1],[118,2,118,8],[123,0,123,1],[123,2,123,8],[128,0,128,1],[128,2,128,8],[133,0,133,1],[133,2,133,8],[138,0,138,1],[138,2,138,8],[143,0,143,1],[143,2,143,8]],"flags":["formulas_cached_only"]}
["东莞市水务集团供水有限公司制水分公司2025年8月油脂类非协议供货物资采购申请清单"]
["编号:设备管理二部呈批(2025)XXX号",{"$nulls":5},"申购日期：2025年7月X日"]
["序号","物品名称","规格/型号","单位","数量","估算单价（元）","估算总金额（元）","备注","联系人及联系方式"]
["设备管理一部（第四水厂）",null,"收货地址：东莞市石碣镇鹤田厦村富田路第四水厂，收货人：黎丽娟 13650105268，熊碧霞 13415856663"]
[1,{"$nulls":5},{"v":0,"d":"¥0.00"}]
[2,{"$nulls":5},{"v":0,"d":"¥0.00"}]
[3,{"$nulls":5},{"v":0,"d":"¥0.00"}]
[null,"小计",{"$nulls":4},{"v":0,"d":"¥0.00"}]
["设备管理一部（高埗水厂）",null,"收货地址：东莞市高埗镇沿江南路48号高埗水厂，收货人：廖树标 13712523481"]
[1,{"$nulls":5},{"v":0,"d":"¥0.00"}]
[2,{"$nulls":5},{"v":0,"d":"¥0.00"}]
[3,{"$nulls":5},{"v":0,"d":"¥0.00"}]
[null,"小计",{"$nulls":4},{"v":0,"d":"¥0.00"}]
["设备管理一部（万江水厂）",null,"收货地址：东莞市万江区万龙路191号万江水厂，收货人：杨伟强 15916738349，何汉能 13650220888"]
[1,{"$nulls":5},{"v":0,"d":"¥0.00"}]
[2,{"$nulls":5},{"v":0,"d":"¥0.00"}]
[3,{"$nulls":5},{"v":0,"d":"¥0.00"}]
[null,"小计",{"$nulls":4},{"v":0,"d":"¥0.00"}]
["设备管理一部（中堂水厂）",null,"收货地址：东莞市中堂镇滨江大道3号中堂水厂，收货人：赖远鑫 13713383382，李继成 13556793939"]
[1,{"$nulls":5},{"v":0,"d":"¥0.00"}]
[2,{"$nulls":5},{"v":0,"d":"¥0.00"}]
[3,{"$nulls":5},{"v":0,"d":"¥0.00"}]
[null,"小计",{"$nulls":4},{"v":0,"d":"¥0.00"}]
["设备管理一部（石碣水厂）",null,"收货地址：东莞市石碣镇同德路石碣水厂，收货人：何国栋 13377788395，袁惠成 13423235223"]
[1,{"$nulls":5},{"v":0,"d":"¥0.00"}]
[2,{"$nulls":5},{"v":0,"d":"¥0.00"}]
[3,{"$nulls":5},{"v":0,"d":"¥0.00"}]
[null,"小计",{"$nulls":4},{"v":0,"d":"¥0.00"}]
["设备管理二部（第三水厂）",null,"收货地址：东莞市东城樟村桂塘路12号，收货人：欧阳丹 13713099246"]
[1,{"$nulls":5},{"v":0,"d":"¥0.00"}]
[2,{"$nulls":5},{"v":0,"d":"¥0.00"}]
[3,{"$nulls":5},{"v":0,"d":"¥0.00"}]
[null,"小计",{"$nulls":4},{"v":0,"d":"¥0.00"}]
["设备管理二部（第六水厂）",null,"收货地址：东莞市东城街道莞龙路东城段21号，收货人：钟巧欢 13790666516，徐立安  13556769268"]
[1,{"$nulls":5},{"v":0,"d":"¥0.00"}]
[2,{"$nulls":5},{"v":0,"d":"¥0.00"}]
[3,{"$nulls":5},{"v":0,"d":"¥0.00"}]
[null,"小计",{"$nulls":4},{"v":0,"d":"¥0.00"}]
["设备管理二部（东城水厂）",null,"收货地址：东莞市东城下桥银岭街9号东城水厂，收货人：谢桂玲  13652639443，祁灼均 13546995678"]
[1,{"$nulls":5},{"v":0,"d":"¥0.00"}]
[2,{"$nulls":5},{"v":0,"d":"¥0.00"}]
[3,{"$nulls":5},{"v":0,"d":"¥0.00"}]
[null,"小计",{"$nulls":4},{"v":0,"d":"¥0.00"}]
["设备管理二部（石龙黄洲水厂）",null,"收货地址：东莞市石龙镇黄洲水源路6号黄洲水厂，收货人：刘月儒 15916936669，叶润珍 13326895152"]
[1,{"$nulls":5},{"v":0,"d":"¥0.00"}]
[2,{"$nulls":5},{"v":0,"d":"¥0.00"}]
[3,{"$nulls":5},{"v":0,"d":"¥0.00"}]
[null,"小计",{"$nulls":4},{"v":0,"d":"¥0.00"}]
["设备管理二部（石龙西湖水厂）",null,"收货地址：东莞市石龙镇西湖东路111号石龙西湖水厂，收货人：杨佩雯 13480449430，吴文烽 13825757818"]
[1,{"$nulls":5},{"v":0,"d":"¥0.00"}]
[2,{"$nulls":5},{"v":0,"d":"¥0.00"}]
[3,{"$nulls":5},{"v":0,"d":"¥0.00"}]
[null,"小计",{"$nulls":4},{"v":0,"d":"¥0.00"}]
["设备管理三部（第五水厂）",null,"收货地址：东莞市企石镇杨屋村新兴路33号第五水厂，收货人：林清文 13532690033，缪小英 13622678068"]
[1,{"$nulls":5},{"v":0,"d":"¥0.00"}]
[2,{"$nulls":5},{"v":0,"d":"¥0.00"}]
[3,{"$nulls":5},{"v":0,"d":"¥0.00"}]
[null,"小计",{"$nulls":4},{"v":0,"d":"¥0.00"}]
["设备管理三部（石排水厂）",null,"收货地址：东莞市石排镇东江大道石排段52号石排水厂，收货人：赖微珊 19928155511，邓闰傍 13532976833"]
[1,{"$nulls":5},{"v":0,"d":"¥0.00"}]
[2,{"$nulls":5},{"v":0,"d":"¥0.00"}]
[3,{"$nulls":5},{"v":0,"d":"¥0.00"}]
[null,"小计",{"$nulls":4},{"v":0,"d":"¥0.00"}]
["设备管理三部（企石水厂）",null,"收货地址：东莞市企石镇黄大仙路56号企石水厂，收货人：朱锐文 15989675266，刘锐谦 15816842146"]
[1,{"$nulls":5},{"v":0,"d":"¥0.00"}]
[2,{"$nulls":5},{"v":0,"d":"¥0.00"}]
[3,{"$nulls":5},{"v":0,"d":"¥0.00"}]
[null,"小计",{"$nulls":4},{"v":0,"d":"¥0.00"}]
["设备管理三部（桥头第二水厂）",null,"收货地址：东莞市桥头镇中兴路403号桥头第二水厂，收货人：莫仲琪 13902698481，钟汉强 13509849329"]
[1,{"$nulls":5},{"v":0,"d":"¥0.00"}]
[2,{"$nulls":5},{"v":0,"d":"¥0.00"}]
[3,{"$nulls":5},{"v":0,"d":"¥0.00"}]
[null,"小计",{"$nulls":4},{"v":0,"d":"¥0.00"}]
["设备管理三部（桥头第三水厂）",null,"收货地址：东莞市桥头镇东江村木棉路桥头第三水厂，收货人：莫浩祥 13532516168，罗国林 18922994622"]
[1,{"$nulls":5},{"v":0,"d":"¥0.00"}]
[2,{"$nulls":5},{"v":0,"d":"¥0.00"}]
[3,{"$nulls":5},{"v":0,"d":"¥0.00"}]
[null,"小计",{"$nulls":4},{"v":0,"d":"¥0.00"}]
["设备管理三部（横沥水厂）",null,"收货地址：东莞市横沥镇横沥东环路260号横沥水厂，收货人：黄汉桃 13711832138"]
[]
[2,{"$nulls":5},{"v":0,"d":"¥0.00"}]
[3,{"$nulls":5},{"v":0,"d":"¥0.00"}]
[null,"小计",{"$nulls":4},{"v":0,"d":"¥0.00"}]
["设备管理四部（黄江水厂）",null,"收货地址：东莞市黄江镇黄牛埔村强健街2号黄江水厂，收货人：黄健维 13129425636，王建华 13580904047"]
[1,{"$nulls":5},{"v":0,"d":"¥0.00"}]
[2,{"$nulls":5},{"v":0,"d":"¥0.00"}]
[3,{"$nulls":5},{"v":0,"d":"¥0.00"}]
[null,"小计",{"$nulls":4},{"v":0,"d":"¥0.00"}]
["设备管理四部（樟木头簕竹排水厂）",null,"收货地址：东莞市樟木头镇滨河路45号簕竹排水厂，收货人：刘子军 13790218277，黄汉明 18825897855"]
[1,{"$nulls":5},{"v":0,"d":"¥0.00"}]
[2,{"$nulls":5},{"v":0,"d":"¥0.00"}]
[3,{"$nulls":5},{"v":0,"d":"¥0.00"}]
[null,"小计",{"$nulls":4},{"v":0,"d":"¥0.00"}]
["设备管理四部（谢岗第二水厂）",null,"收货地址：东莞市谢岗镇南面石鼓水库路22号谢岗第二水厂，收货人：林嘉兴 13268555430，张李红 13128071061"]
[1,{"$nulls":5},{"v":0,"d":"¥0.00"}]
[2,{"$nulls":5},{"v":0,"d":"¥0.00"}]
[3,{"$nulls":5},{"v":0,"d":"¥0.00"}]
[null,"小计",{"$nulls":4},{"v":0,"d":"¥0.00"}]
["设备管理四部（谢岗第三水厂）",null,"收货地址：东莞市谢岗镇曹乐工业一路15号101室供水公司，收货人：朱树明 13713366089，刘晓彬 13926867866"]
[1,{"$nulls":5},{"v":0,"d":"¥0.00"}]
[2,{"$nulls":5},{"v":0,"d":"¥0.00"}]
[3,{"$nulls":5},{"v":0,"d":"¥0.00"}]
[null,"小计",{"$nulls":4},{"v":0,"d":"¥0.00"}]
["设备管理四部（塘厦牛眠埔水厂）",null,"收货地址：东莞市塘厦镇牛眠埔新围路牛眠埔水厂，收货人：黄颖璋 13713362502，罗亮开 13729993310"]
[1,{"$nulls":5},{"v":0,"d":"¥0.00"}]
[2,{"$nulls":5},{"v":0,"d":"¥0.00"}]
[3,{"$nulls":5},{"v":0,"d":"¥0.00"}]
[null,"小计",{"$nulls":4},{"v":0,"d":"¥0.00"}]
["设备管理五部（塘厦中心水厂）",null,"收货地址：东莞市塘厦镇东深一路8号塘厦中心水厂，收货人：赵凤兰 15817660678，赵美玲 136252547593"]
[1,{"$nulls":5},{"v":0,"d":"¥0.00"}]
[2,{"$nulls":5},{"v":0,"d":"¥0.00"}]
[3,{"$nulls":5},{"v":0,"d":"¥0.00"}]
[null,"小计",{"$nulls":4},{"v":0,"d":"¥0.00"}]
["设备管理五部（塘厦凤凰水厂）",null,"收货地址：东莞市塘厦镇凤凰社区凤清路65号塘厦凤凰水厂，收货人：黄礼文 13686099284"]
[1,{"$nulls":5},{"v":0,"d":"¥0.00"}]
[2,{"$nulls":5},{"v":0,"d":"¥0.00"}]
[3,{"$nulls":5},{"v":0,"d":"¥0.00"}]
[null,"小计",{"$nulls":4},{"v":0,"d":"¥0.00"}]
["设备管理五部（塘厦虾公岩水厂）",null,"收货地址：东莞市塘厦镇大坪社区四黎南路170-1塘厦虾公岩水厂，收货人：陈凤珍 15917721836，罗银妹 13392348369"]
[1,{"$nulls":5},{"v":0,"d":"¥0.00"}]
[2,{"$nulls":5},{"v":0,"d":"¥0.00"}]
[3,{"$nulls":5},{"v":0,"d":"¥0.00"}]
[null,"小计",{"$nulls":4},{"v":0,"d":"¥0.00"}]
["设备管理五部（凤岗第一水厂）",null,"收货地址：东莞市凤岗镇花果山二巷13号，收货人：张思雅 15322863540，张玉金 13798879957"]
[1,{"$nulls":5},{"v":0,"d":"¥0.00"}]
[2,{"$nulls":5},{"v":0,"d":"¥0.00"}]
[3,{"$nulls":5},{"v":0,"d":"¥0.00"}]
[null,"小计",{"$nulls":4},{"v":0,"d":"¥0.00"}]
["设备管理五部（凤岗第二水厂）",null,"收货地址：东莞市凤岗镇沙岭抽水站路8号，收货人：黄凯迪 13544779297，吕换清 13412350778"]
[1,{"$nulls":5},{"v":0,"d":"¥0.00"}]
[2,{"$nulls":5},{"v":0,"d":"¥0.00"}]
[3,{"$nulls":5},{"v":0,"d":"¥0.00"}]
[null,"小计",{"$nulls":4},{"v":0,"d":"¥0.00"}]
["设备管理六部（长湖水厂）",null,"收货地址：东莞市大岭山镇水朗村大岭山大道592号，收货人：汤青如 13728443754，黎锦辉 13652522995"]
[1,{"$nulls":5},{"v":0,"d":"¥0.00"}]
[2,{"$nulls":5},{"v":0,"d":"¥0.00"}]
[3,{"$nulls":5},{"v":0,"d":"¥0.00"}]
[null,"小计",{"$nulls":4},{"v":0,"d":"¥0.00"}]
["设备管理六部（松山湖水厂）",null,"收货地址：东莞市环湖路与南山路交叉口西北320米，收货人：陆嘉仪 13538640388，袁庆全 13922522636"]
[1,{"$nulls":5},{"v":0,"d":"¥0.00"}]
[2,{"$nulls":5},{"v":0,"d":"¥0.00"}]
[3,{"$nulls":5},{"v":0,"d":"¥0.00"}]
[null,"小计",{"$nulls":4},{"v":0,"d":"¥0.00"}]
["设备管理六部（芦花坑水厂）",null,"收货地址：东莞市虎门镇居岐路99号，收货人：周志恒 13728427322"]
[1,{"$nulls":5},{"v":0,"d":"¥0.00"}]
[2,{"$nulls":5},{"v":0,"d":"¥0.00"}]
[3,{"$nulls":5},{"v":0,"d":"¥0.00"}]
[null,"小计",{"$nulls":4},{"v":0,"d":"¥0.00"}]
[null,"合计",{"$nulls":4},{"v":0,"d":"¥0.00"}]

{"sheet":"WpsReserved_CellImgList","index":11,"n_rows":0,"n_cols":0,"rows_kept":0,"hidden":true,"flags":["formulas_cached_only"]}